<?xml version="1.0" encoding="UTF-8"?>
<record
    xmlns:xsi="http://www.w3.org/2001/XMLSchema-instance"
    xsi:schemaLocation="http://www.loc.gov/MARC21/slim http://www.loc.gov/standards/marcxml/schema/MARC21slim.xsd"
    xmlns="http://www.loc.gov/MARC21/slim">

  <leader>01245ngm a2200313   4500</leader>
  <datafield tag="999" ind1=" " ind2=" ">
    <subfield code="c">19780</subfield>
    <subfield code="d">19780</subfield>
  </datafield>
  <controlfield tag="003">dpl</controlfield>
  <controlfield tag="005">20181219100130.0</controlfield>
  <controlfield tag="007">DVD</controlfield>
  <controlfield tag="008">||||||sp199   xxu|||||c |||  00| 0 ng d </controlfield>
  <datafield tag="010" ind1=" " ind2=" ">
    <subfield code="a">DVD-001404-1460 &amp; DVD-004861-4974</subfield>
  </datafield>
  <datafield tag="024" ind1=" " ind2=" ">
    <subfield code="a">DHIT003S-0048S</subfield>
    <subfield code="c">2999.00 for set of 19 Vols.</subfield>
  </datafield>
  <datafield tag="035" ind1=" " ind2=" ">
    <subfield code="a">DVD-001404-1460</subfield>
  </datafield>
  <datafield tag="035" ind1=" " ind2=" ">
    <subfield code="a">DVD-004861-4974</subfield>
  </datafield>
  <datafield tag="040" ind1=" " ind2=" ">
    <subfield code="a">DPL</subfield>
    <subfield code="c">DPL</subfield>
  </datafield>
  <datafield tag="082" ind1=" " ind2=" ">
    <subfield code="a">DVD / MAHA</subfield>
  </datafield>
  <datafield tag="245" ind1=" " ind2=" ">
    <subfield code="a">Mahabharat </subfield>
    <subfield code="c">B. R. Chopra Presents</subfield>
    <subfield code="h">[videorecording] DVD/</subfield>
  </datafield>
  <datafield tag="260" ind1=" " ind2=" ">
    <subfield code="b">Moserbaer Entertainment</subfield>
  </datafield>
  <datafield tag="300" ind1=" " ind2=" ">
    <subfield code="a">19 videodisc DVD;</subfield>
    <subfield code="b">sd., col. ;</subfield>
    <subfield code="c">4 3/4 in.</subfield>
    <subfield code="f">DVD</subfield>
  </datafield>
  <datafield tag="440" ind1=" " ind2=" ">
    <subfield code="a">Moserbaer Home Entertainment</subfield>
  </datafield>
  <datafield tag="500" ind1=" " ind2=" ">
    <subfield code="a">This is a set of 19 Vols.</subfield>
  </datafield>
  <datafield tag="538" ind1=" " ind2=" ">
    <subfield code="a">Dolby Digital 5.1 - Hindi Subtitles: English</subfield>
  </datafield>
  <datafield tag="538" ind1=" " ind2=" ">
    <subfield code="a">This DVD can be played back on DVD Players, multimedia systems &amp; PC with MPEG card interactive with version 2.0 players.</subfield>
  </datafield>
  <datafield tag="650" ind1=" " ind2=" ">
    <subfield code="a">T V Serial</subfield>
  </datafield>
  <datafield tag="700" ind1=" " ind2=" ">
    <subfield code="a">Chopra, B. R.</subfield>
  </datafield>
  <datafield tag="700" ind1=" " ind2=" ">
    <subfield code="a">Chopra, Ravi</subfield>
  </datafield>
  <datafield tag="942" ind1=" " ind2=" ">
    <subfield code="c">CF</subfield>
    <subfield code="2">ddc</subfield>
    <subfield code="h">DVD</subfield>
    <subfield code="m">MAHA</subfield>
  </datafield>
  <datafield tag="952" ind1=" " ind2=" ">
    <subfield code="0">0</subfield>
    <subfield code="1">0</subfield>
    <subfield code="2">ddc</subfield>
    <subfield code="3">V.1</subfield>
    <subfield code="4">0</subfield>
    <subfield code="7">0</subfield>
    <subfield code="a">L</subfield>
    <subfield code="b">L</subfield>
    <subfield code="d">2008-12-12</subfield>
    <subfield code="e">Purchase</subfield>
    <subfield code="g">2999.00</subfield>
    <subfield code="l">22</subfield>
    <subfield code="m">1</subfield>
    <subfield code="o">DVD MAHA</subfield>
    <subfield code="p">DVD-001404</subfield>
    <subfield code="r">2016-02-26 00:00:00</subfield>
    <subfield code="s">2016-02-09</subfield>
    <subfield code="t">1</subfield>
    <subfield code="v">2999.00</subfield>
    <subfield code="w">2008-12-12</subfield>
    <subfield code="y">CF</subfield>
    <subfield code="z">V.1</subfield>
  </datafield>
  <datafield tag="952" ind1=" " ind2=" ">
    <subfield code="0">0</subfield>
    <subfield code="1">0</subfield>
    <subfield code="2">ddc</subfield>
    <subfield code="3">V.1</subfield>
    <subfield code="4">0</subfield>
    <subfield code="7">0</subfield>
    <subfield code="a">ZLS</subfield>
    <subfield code="b">ZLS</subfield>
    <subfield code="d">2008-12-12</subfield>
    <subfield code="e">Purchase</subfield>
    <subfield code="g">2999.00</subfield>
    <subfield code="l">17</subfield>
    <subfield code="o">DVD MAHA</subfield>
    <subfield code="p">DVD-001405</subfield>
    <subfield code="r">2014-06-14 00:00:00</subfield>
    <subfield code="s">2013-09-11</subfield>
    <subfield code="t">1</subfield>
    <subfield code="v">2999.00</subfield>
    <subfield code="w">2008-12-12</subfield>
    <subfield code="y">CF</subfield>
    <subfield code="z">V.1</subfield>
  </datafield>
  <datafield tag="952" ind1=" " ind2=" ">
    <subfield code="0">0</subfield>
    <subfield code="1">0</subfield>
    <subfield code="2">ddc</subfield>
    <subfield code="3">V.1</subfield>
    <subfield code="4">0</subfield>
    <subfield code="7">0</subfield>
    <subfield code="a">BL1</subfield>
    <subfield code="b">BL1</subfield>
    <subfield code="d">2008-12-12</subfield>
    <subfield code="e">Purchase</subfield>
    <subfield code="g">2999.00</subfield>
    <subfield code="l">13</subfield>
    <subfield code="o">DVD MAHA</subfield>
    <subfield code="p">DVD-001406</subfield>
    <subfield code="r">2013-02-01 00:00:00</subfield>
    <subfield code="s">2013-01-22</subfield>
    <subfield code="t">1</subfield>
    <subfield code="v">2999.00</subfield>
    <subfield code="w">2008-12-12</subfield>
    <subfield code="y">CF</subfield>
    <subfield code="z">V.1</subfield>
  </datafield>
  <datafield tag="952" ind1=" " ind2=" ">
    <subfield code="0">0</subfield>
    <subfield code="1">0</subfield>
    <subfield code="2">ddc</subfield>
    <subfield code="3">V.2</subfield>
    <subfield code="4">0</subfield>
    <subfield code="7">0</subfield>
    <subfield code="a">L</subfield>
    <subfield code="b">L</subfield>
    <subfield code="d">2008-12-12</subfield>
    <subfield code="e">Purchase</subfield>
    <subfield code="g">2999.00</subfield>
    <subfield code="l">27</subfield>
    <subfield code="o">DVD MAHA</subfield>
    <subfield code="p">DVD-001407</subfield>
    <subfield code="r">2016-01-19 00:00:00</subfield>
    <subfield code="s">2016-01-18</subfield>
    <subfield code="t">1</subfield>
    <subfield code="v">2999.00</subfield>
    <subfield code="w">2008-12-12</subfield>
    <subfield code="y">CF</subfield>
    <subfield code="z">V.2</subfield>
  </datafield>
  <datafield tag="952" ind1=" " ind2=" ">
    <subfield code="0">0</subfield>
    <subfield code="1">0</subfield>
    <subfield code="2">ddc</subfield>
    <subfield code="3">V.2</subfield>
    <subfield code="4">0</subfield>
    <subfield code="7">0</subfield>
    <subfield code="a">ZLS</subfield>
    <subfield code="b">ZLS</subfield>
    <subfield code="d">2008-12-12</subfield>
    <subfield code="e">Purchase</subfield>
    <subfield code="g">2999.00</subfield>
    <subfield code="l">14</subfield>
    <subfield code="o">DVD MAHA</subfield>
    <subfield code="p">DVD-001408</subfield>
    <subfield code="r">2014-06-14 00:00:00</subfield>
    <subfield code="s">2013-09-11</subfield>
    <subfield code="t">1</subfield>
    <subfield code="v">2999.00</subfield>
    <subfield code="w">2008-12-12</subfield>
    <subfield code="y">CF</subfield>
    <subfield code="z">V.2</subfield>
  </datafield>
  <datafield tag="952" ind1=" " ind2=" ">
    <subfield code="0">0</subfield>
    <subfield code="1">0</subfield>
    <subfield code="2">ddc</subfield>
    <subfield code="3">V.2</subfield>
    <subfield code="4">0</subfield>
    <subfield code="7">0</subfield>
    <subfield code="a">BL1</subfield>
    <subfield code="b">BL1</subfield>
    <subfield code="d">2008-12-12</subfield>
    <subfield code="e">Purchase</subfield>
    <subfield code="g">2999.00</subfield>
    <subfield code="l">15</subfield>
    <subfield code="o">DVD MAHA</subfield>
    <subfield code="p">DVD-001409</subfield>
    <subfield code="r">2011-03-21 00:00:00</subfield>
    <subfield code="s">2011-03-08</subfield>
    <subfield code="t">1</subfield>
    <subfield code="v">2999.00</subfield>
    <subfield code="w">2008-12-12</subfield>
    <subfield code="y">CF</subfield>
    <subfield code="z">V.2</subfield>
  </datafield>
  <datafield tag="952" ind1=" " ind2=" ">
    <subfield code="0">0</subfield>
    <subfield code="1">0</subfield>
    <subfield code="2">ddc</subfield>
    <subfield code="3">V.3</subfield>
    <subfield code="4">0</subfield>
    <subfield code="7">0</subfield>
    <subfield code="a">L</subfield>
    <subfield code="b">L</subfield>
    <subfield code="d">2008-12-12</subfield>
    <subfield code="e">Purchase</subfield>
    <subfield code="g">2999.00</subfield>
    <subfield code="l">14</subfield>
    <subfield code="m">1</subfield>
    <subfield code="o">DVD MAHA</subfield>
    <subfield code="p">DVD-001410</subfield>
    <subfield code="r">2016-02-01 00:00:00</subfield>
    <subfield code="s">2016-01-19</subfield>
    <subfield code="t">1</subfield>
    <subfield code="v">2999.00</subfield>
    <subfield code="w">2008-12-12</subfield>
    <subfield code="y">CF</subfield>
    <subfield code="z">V.3</subfield>
  </datafield>
  <datafield tag="952" ind1=" " ind2=" ">
    <subfield code="0">0</subfield>
    <subfield code="1">0</subfield>
    <subfield code="2">ddc</subfield>
    <subfield code="3">V.3</subfield>
    <subfield code="4">0</subfield>
    <subfield code="7">0</subfield>
    <subfield code="a">ZLS</subfield>
    <subfield code="b">ZLS</subfield>
    <subfield code="d">2008-12-12</subfield>
    <subfield code="e">Purchase</subfield>
    <subfield code="g">2999.00</subfield>
    <subfield code="l">10</subfield>
    <subfield code="o">DVD MAHA</subfield>
    <subfield code="p">DVD-001411</subfield>
    <subfield code="r">2013-10-09 00:00:00</subfield>
    <subfield code="s">2012-01-17</subfield>
    <subfield code="t">1</subfield>
    <subfield code="v">2999.00</subfield>
    <subfield code="w">2008-12-12</subfield>
    <subfield code="y">CF</subfield>
    <subfield code="z">V.3</subfield>
  </datafield>
  <datafield tag="952" ind1=" " ind2=" ">
    <subfield code="0">0</subfield>
    <subfield code="1">0</subfield>
    <subfield code="2">ddc</subfield>
    <subfield code="3">V.3</subfield>
    <subfield code="4">0</subfield>
    <subfield code="7">0</subfield>
    <subfield code="a">BL1</subfield>
    <subfield code="b">BL1</subfield>
    <subfield code="d">2008-12-12</subfield>
    <subfield code="e">Purchase</subfield>
    <subfield code="g">2999.00</subfield>
    <subfield code="l">11</subfield>
    <subfield code="o">DVD MAHA</subfield>
    <subfield code="p">DVD-001412</subfield>
    <subfield code="r">2010-10-07 00:00:00</subfield>
    <subfield code="s">2010-09-15</subfield>
    <subfield code="t">1</subfield>
    <subfield code="v">2999.00</subfield>
    <subfield code="w">2008-12-12</subfield>
    <subfield code="y">CF</subfield>
    <subfield code="z">V.3</subfield>
  </datafield>
  <datafield tag="952" ind1=" " ind2=" ">
    <subfield code="0">0</subfield>
    <subfield code="1">0</subfield>
    <subfield code="2">ddc</subfield>
    <subfield code="3">V.4</subfield>
    <subfield code="4">0</subfield>
    <subfield code="7">0</subfield>
    <subfield code="a">L</subfield>
    <subfield code="b">L</subfield>
    <subfield code="d">2008-12-12</subfield>
    <subfield code="e">Purchase</subfield>
    <subfield code="g">2999.00</subfield>
    <subfield code="l">12</subfield>
    <subfield code="m">1</subfield>
    <subfield code="o">DVD MAHA</subfield>
    <subfield code="p">DVD-001413</subfield>
    <subfield code="r">2016-02-01 00:00:00</subfield>
    <subfield code="s">2016-01-19</subfield>
    <subfield code="t">1</subfield>
    <subfield code="v">2999.00</subfield>
    <subfield code="w">2008-12-12</subfield>
    <subfield code="y">CF</subfield>
    <subfield code="z">V.4</subfield>
  </datafield>
  <datafield tag="952" ind1=" " ind2=" ">
    <subfield code="0">0</subfield>
    <subfield code="1">0</subfield>
    <subfield code="2">ddc</subfield>
    <subfield code="3">V.4</subfield>
    <subfield code="4">0</subfield>
    <subfield code="7">0</subfield>
    <subfield code="a">ZLS</subfield>
    <subfield code="b">ZLS</subfield>
    <subfield code="d">2008-12-12</subfield>
    <subfield code="e">Purchase</subfield>
    <subfield code="g">2999.00</subfield>
    <subfield code="l">11</subfield>
    <subfield code="o">DVD MAHA</subfield>
    <subfield code="p">DVD-001414</subfield>
    <subfield code="r">2016-08-13 00:00:00</subfield>
    <subfield code="s">2016-07-23</subfield>
    <subfield code="t">1</subfield>
    <subfield code="v">2999.00</subfield>
    <subfield code="w">2008-12-12</subfield>
    <subfield code="y">CF</subfield>
    <subfield code="z">V.4</subfield>
  </datafield>
  <datafield tag="952" ind1=" " ind2=" ">
    <subfield code="0">0</subfield>
    <subfield code="1">0</subfield>
    <subfield code="2">ddc</subfield>
    <subfield code="3">V.4</subfield>
    <subfield code="4">0</subfield>
    <subfield code="7">0</subfield>
    <subfield code="a">BL1</subfield>
    <subfield code="b">BL1</subfield>
    <subfield code="d">2008-12-12</subfield>
    <subfield code="e">Purchase</subfield>
    <subfield code="g">2999.00</subfield>
    <subfield code="l">10</subfield>
    <subfield code="o">DVD MAHA</subfield>
    <subfield code="p">DVD-001415</subfield>
    <subfield code="r">2010-10-07 00:00:00</subfield>
    <subfield code="s">2010-09-20</subfield>
    <subfield code="t">1</subfield>
    <subfield code="v">2999.00</subfield>
    <subfield code="w">2008-12-12</subfield>
    <subfield code="y">CF</subfield>
    <subfield code="z">V.4</subfield>
  </datafield>
  <datafield tag="952" ind1=" " ind2=" ">
    <subfield code="0">0</subfield>
    <subfield code="1">0</subfield>
    <subfield code="2">ddc</subfield>
    <subfield code="3">V.5</subfield>
    <subfield code="4">0</subfield>
    <subfield code="7">0</subfield>
    <subfield code="a">L</subfield>
    <subfield code="b">L</subfield>
    <subfield code="d">2008-12-12</subfield>
    <subfield code="e">Purchase</subfield>
    <subfield code="g">2999.00</subfield>
    <subfield code="l">10</subfield>
    <subfield code="m">1</subfield>
    <subfield code="o">DVD MAHA</subfield>
    <subfield code="p">DVD-001416</subfield>
    <subfield code="r">2011-01-24 00:00:00</subfield>
    <subfield code="s">2011-01-18</subfield>
    <subfield code="t">1</subfield>
    <subfield code="v">2999.00</subfield>
    <subfield code="w">2008-12-12</subfield>
    <subfield code="y">CF</subfield>
    <subfield code="z">V.5</subfield>
  </datafield>
  <datafield tag="952" ind1=" " ind2=" ">
    <subfield code="0">0</subfield>
    <subfield code="1">0</subfield>
    <subfield code="2">ddc</subfield>
    <subfield code="3">V.5</subfield>
    <subfield code="4">0</subfield>
    <subfield code="7">0</subfield>
    <subfield code="a">ZLS</subfield>
    <subfield code="b">ZLS</subfield>
    <subfield code="d">2008-12-12</subfield>
    <subfield code="e">Purchase</subfield>
    <subfield code="g">2999.00</subfield>
    <subfield code="l">10</subfield>
    <subfield code="o">DVD MAHA</subfield>
    <subfield code="p">DVD-001417</subfield>
    <subfield code="r">2012-03-31 00:00:00</subfield>
    <subfield code="s">2012-03-20</subfield>
    <subfield code="t">1</subfield>
    <subfield code="v">2999.00</subfield>
    <subfield code="w">2008-12-12</subfield>
    <subfield code="y">CF</subfield>
    <subfield code="z">V.5</subfield>
  </datafield>
  <datafield tag="952" ind1=" " ind2=" ">
    <subfield code="0">0</subfield>
    <subfield code="1">0</subfield>
    <subfield code="2">ddc</subfield>
    <subfield code="3">V.5</subfield>
    <subfield code="4">0</subfield>
    <subfield code="7">0</subfield>
    <subfield code="a">BL1</subfield>
    <subfield code="b">BL1</subfield>
    <subfield code="d">2008-12-12</subfield>
    <subfield code="e">Purchase</subfield>
    <subfield code="g">2999.00</subfield>
    <subfield code="l">10</subfield>
    <subfield code="o">DVD MAHA</subfield>
    <subfield code="p">DVD-001418</subfield>
    <subfield code="r">2010-10-09 00:00:00</subfield>
    <subfield code="s">2010-10-07</subfield>
    <subfield code="t">1</subfield>
    <subfield code="v">2999.00</subfield>
    <subfield code="w">2008-12-12</subfield>
    <subfield code="y">CF</subfield>
    <subfield code="z">V.5</subfield>
  </datafield>
  <datafield tag="952" ind1=" " ind2=" ">
    <subfield code="0">0</subfield>
    <subfield code="1">0</subfield>
    <subfield code="2">ddc</subfield>
    <subfield code="3">V.6</subfield>
    <subfield code="4">0</subfield>
    <subfield code="7">0</subfield>
    <subfield code="a">L</subfield>
    <subfield code="b">L</subfield>
    <subfield code="d">2008-12-12</subfield>
    <subfield code="e">Purchase</subfield>
    <subfield code="g">2999.00</subfield>
    <subfield code="l">11</subfield>
    <subfield code="o">DVD MAHA</subfield>
    <subfield code="p">DVD-001419</subfield>
    <subfield code="r">2012-06-07 00:00:00</subfield>
    <subfield code="s">2012-05-22</subfield>
    <subfield code="t">1</subfield>
    <subfield code="v">2999.00</subfield>
    <subfield code="w">2008-12-12</subfield>
    <subfield code="y">CF</subfield>
    <subfield code="z">V.6</subfield>
  </datafield>
  <datafield tag="952" ind1=" " ind2=" ">
    <subfield code="0">0</subfield>
    <subfield code="1">0</subfield>
    <subfield code="2">ddc</subfield>
    <subfield code="3">V.6</subfield>
    <subfield code="4">0</subfield>
    <subfield code="7">0</subfield>
    <subfield code="a">ZLS</subfield>
    <subfield code="b">ZLS</subfield>
    <subfield code="d">2008-12-12</subfield>
    <subfield code="e">Purchase</subfield>
    <subfield code="g">2999.00</subfield>
    <subfield code="l">10</subfield>
    <subfield code="o">DVD MAHA</subfield>
    <subfield code="p">DVD-001420</subfield>
    <subfield code="r">2012-04-17 00:00:00</subfield>
    <subfield code="s">2012-04-12</subfield>
    <subfield code="t">1</subfield>
    <subfield code="v">2999.00</subfield>
    <subfield code="w">2008-12-12</subfield>
    <subfield code="y">CF</subfield>
    <subfield code="z">V.6</subfield>
  </datafield>
  <datafield tag="952" ind1=" " ind2=" ">
    <subfield code="0">0</subfield>
    <subfield code="1">0</subfield>
    <subfield code="2">ddc</subfield>
    <subfield code="3">V.6</subfield>
    <subfield code="4">0</subfield>
    <subfield code="7">0</subfield>
    <subfield code="a">BL1</subfield>
    <subfield code="b">BL1</subfield>
    <subfield code="d">2008-12-12</subfield>
    <subfield code="e">Purchase</subfield>
    <subfield code="g">2999.00</subfield>
    <subfield code="l">8</subfield>
    <subfield code="o">DVD MAHA</subfield>
    <subfield code="p">DVD-001421</subfield>
    <subfield code="r">2010-10-12 00:00:00</subfield>
    <subfield code="s">2010-09-29</subfield>
    <subfield code="t">1</subfield>
    <subfield code="v">2999.00</subfield>
    <subfield code="w">2008-12-12</subfield>
    <subfield code="y">CF</subfield>
    <subfield code="z">V.6</subfield>
  </datafield>
  <datafield tag="952" ind1=" " ind2=" ">
    <subfield code="0">0</subfield>
    <subfield code="1">0</subfield>
    <subfield code="2">ddc</subfield>
    <subfield code="3">V.7</subfield>
    <subfield code="4">0</subfield>
    <subfield code="7">0</subfield>
    <subfield code="a">L</subfield>
    <subfield code="b">L</subfield>
    <subfield code="d">2008-12-12</subfield>
    <subfield code="e">Purchase</subfield>
    <subfield code="g">2999.00</subfield>
    <subfield code="l">10</subfield>
    <subfield code="o">DVD MAHA</subfield>
    <subfield code="p">DVD-001422</subfield>
    <subfield code="r">2011-01-25 00:00:00</subfield>
    <subfield code="s">2011-01-24</subfield>
    <subfield code="t">1</subfield>
    <subfield code="v">2999.00</subfield>
    <subfield code="w">2008-12-12</subfield>
    <subfield code="y">CF</subfield>
    <subfield code="z">V.7</subfield>
  </datafield>
  <datafield tag="952" ind1=" " ind2=" ">
    <subfield code="0">0</subfield>
    <subfield code="1">0</subfield>
    <subfield code="2">ddc</subfield>
    <subfield code="3">V.7</subfield>
    <subfield code="4">0</subfield>
    <subfield code="7">0</subfield>
    <subfield code="a">ZLS</subfield>
    <subfield code="b">ZLS</subfield>
    <subfield code="d">2008-12-12</subfield>
    <subfield code="e">Purchase</subfield>
    <subfield code="g">2999.00</subfield>
    <subfield code="l">6</subfield>
    <subfield code="o">DVD MAHA</subfield>
    <subfield code="p">DVD-001423</subfield>
    <subfield code="r">2012-02-25 00:00:00</subfield>
    <subfield code="s">2012-02-04</subfield>
    <subfield code="t">1</subfield>
    <subfield code="v">2999.00</subfield>
    <subfield code="w">2008-12-12</subfield>
    <subfield code="y">CF</subfield>
    <subfield code="z">V.7</subfield>
  </datafield>
  <datafield tag="952" ind1=" " ind2=" ">
    <subfield code="0">0</subfield>
    <subfield code="1">0</subfield>
    <subfield code="2">ddc</subfield>
    <subfield code="3">V.7</subfield>
    <subfield code="4">0</subfield>
    <subfield code="7">0</subfield>
    <subfield code="a">BL1</subfield>
    <subfield code="b">BL1</subfield>
    <subfield code="d">2008-12-12</subfield>
    <subfield code="e">Purchase</subfield>
    <subfield code="g">2999.00</subfield>
    <subfield code="l">10</subfield>
    <subfield code="o">DVD MAHA</subfield>
    <subfield code="p">DVD-001424</subfield>
    <subfield code="r">2010-11-02 00:00:00</subfield>
    <subfield code="s">2010-10-19</subfield>
    <subfield code="t">1</subfield>
    <subfield code="v">2999.00</subfield>
    <subfield code="w">2008-12-12</subfield>
    <subfield code="y">CF</subfield>
    <subfield code="z">V.7</subfield>
  </datafield>
  <datafield tag="952" ind1=" " ind2=" ">
    <subfield code="0">0</subfield>
    <subfield code="1">0</subfield>
    <subfield code="2">ddc</subfield>
    <subfield code="3">V.8</subfield>
    <subfield code="4">0</subfield>
    <subfield code="7">0</subfield>
    <subfield code="a">L</subfield>
    <subfield code="b">L</subfield>
    <subfield code="d">2008-12-12</subfield>
    <subfield code="e">Purchase</subfield>
    <subfield code="g">2999.00</subfield>
    <subfield code="l">16</subfield>
    <subfield code="o">DVD MAHA</subfield>
    <subfield code="p">DVD-001425</subfield>
    <subfield code="r">2012-06-13 00:00:00</subfield>
    <subfield code="s">2012-06-01</subfield>
    <subfield code="t">1</subfield>
    <subfield code="v">2999.00</subfield>
    <subfield code="w">2008-12-12</subfield>
    <subfield code="y">CF</subfield>
    <subfield code="z">V.8</subfield>
  </datafield>
  <datafield tag="952" ind1=" " ind2=" ">
    <subfield code="0">0</subfield>
    <subfield code="1">0</subfield>
    <subfield code="2">ddc</subfield>
    <subfield code="3">V.8</subfield>
    <subfield code="4">0</subfield>
    <subfield code="7">0</subfield>
    <subfield code="a">ZLS</subfield>
    <subfield code="b">ZLS</subfield>
    <subfield code="d">2008-12-12</subfield>
    <subfield code="e">Purchase</subfield>
    <subfield code="g">2999.00</subfield>
    <subfield code="l">6</subfield>
    <subfield code="o">DVD MAHA</subfield>
    <subfield code="p">DVD-001426</subfield>
    <subfield code="r">2012-02-25 00:00:00</subfield>
    <subfield code="s">2012-02-04</subfield>
    <subfield code="t">1</subfield>
    <subfield code="v">2999.00</subfield>
    <subfield code="w">2008-12-12</subfield>
    <subfield code="y">CF</subfield>
    <subfield code="z">V.8</subfield>
  </datafield>
  <datafield tag="952" ind1=" " ind2=" ">
    <subfield code="0">0</subfield>
    <subfield code="1">0</subfield>
    <subfield code="2">ddc</subfield>
    <subfield code="3">V.8</subfield>
    <subfield code="4">0</subfield>
    <subfield code="7">0</subfield>
    <subfield code="a">BL1</subfield>
    <subfield code="b">BL1</subfield>
    <subfield code="d">2008-12-12</subfield>
    <subfield code="e">Purchase</subfield>
    <subfield code="g">2999.00</subfield>
    <subfield code="l">10</subfield>
    <subfield code="o">DVD MAHA</subfield>
    <subfield code="p">DVD-001427</subfield>
    <subfield code="r">2012-10-18 00:00:00</subfield>
    <subfield code="s">2012-10-18</subfield>
    <subfield code="t">1</subfield>
    <subfield code="v">2999.00</subfield>
    <subfield code="w">2008-12-12</subfield>
    <subfield code="y">CF</subfield>
    <subfield code="z">V.8</subfield>
  </datafield>
  <datafield tag="952" ind1=" " ind2=" ">
    <subfield code="0">0</subfield>
    <subfield code="1">0</subfield>
    <subfield code="2">ddc</subfield>
    <subfield code="3">V.9</subfield>
    <subfield code="4">0</subfield>
    <subfield code="7">0</subfield>
    <subfield code="a">L</subfield>
    <subfield code="b">L</subfield>
    <subfield code="d">2008-12-12</subfield>
    <subfield code="e">Purchase</subfield>
    <subfield code="g">2999.00</subfield>
    <subfield code="l">14</subfield>
    <subfield code="o">DVD MAHA</subfield>
    <subfield code="p">DVD-001428</subfield>
    <subfield code="r">2013-05-02 00:00:00</subfield>
    <subfield code="s">2013-04-26</subfield>
    <subfield code="t">1</subfield>
    <subfield code="v">2999.00</subfield>
    <subfield code="w">2008-12-12</subfield>
    <subfield code="y">CF</subfield>
    <subfield code="z">V.9</subfield>
  </datafield>
  <datafield tag="952" ind1=" " ind2=" ">
    <subfield code="0">0</subfield>
    <subfield code="1">0</subfield>
    <subfield code="2">ddc</subfield>
    <subfield code="3">V.9</subfield>
    <subfield code="4">0</subfield>
    <subfield code="7">0</subfield>
    <subfield code="a">ZLS</subfield>
    <subfield code="b">ZLS</subfield>
    <subfield code="d">2008-12-12</subfield>
    <subfield code="e">Purchase</subfield>
    <subfield code="g">2999.00</subfield>
    <subfield code="l">10</subfield>
    <subfield code="o">DVD MAHA</subfield>
    <subfield code="p">DVD-001429</subfield>
    <subfield code="r">2016-09-28 00:00:00</subfield>
    <subfield code="s">2012-02-25</subfield>
    <subfield code="t">1</subfield>
    <subfield code="v">2999.00</subfield>
    <subfield code="w">2008-12-12</subfield>
    <subfield code="y">CF</subfield>
    <subfield code="z">V.9</subfield>
  </datafield>
  <datafield tag="952" ind1=" " ind2=" ">
    <subfield code="0">0</subfield>
    <subfield code="1">0</subfield>
    <subfield code="2">ddc</subfield>
    <subfield code="3">V.9</subfield>
    <subfield code="4">0</subfield>
    <subfield code="7">0</subfield>
    <subfield code="a">BL1</subfield>
    <subfield code="b">BL1</subfield>
    <subfield code="d">2008-12-12</subfield>
    <subfield code="e">Purchase</subfield>
    <subfield code="g">2999.00</subfield>
    <subfield code="l">8</subfield>
    <subfield code="m">1</subfield>
    <subfield code="o">DVD MAHA</subfield>
    <subfield code="p">DVD-001430</subfield>
    <subfield code="r">2011-03-21 00:00:00</subfield>
    <subfield code="s">2011-03-08</subfield>
    <subfield code="t">1</subfield>
    <subfield code="v">2999.00</subfield>
    <subfield code="w">2008-12-12</subfield>
    <subfield code="y">CF</subfield>
    <subfield code="z">V.9</subfield>
  </datafield>
  <datafield tag="952" ind1=" " ind2=" ">
    <subfield code="0">0</subfield>
    <subfield code="1">0</subfield>
    <subfield code="2">ddc</subfield>
    <subfield code="3">V.10</subfield>
    <subfield code="4">0</subfield>
    <subfield code="7">0</subfield>
    <subfield code="a">L</subfield>
    <subfield code="b">L</subfield>
    <subfield code="d">2008-12-12</subfield>
    <subfield code="e">Purchase</subfield>
    <subfield code="g">2999.00</subfield>
    <subfield code="l">15</subfield>
    <subfield code="o">DVD MAHA</subfield>
    <subfield code="p">DVD-001431</subfield>
    <subfield code="r">2013-05-09 00:00:00</subfield>
    <subfield code="s">2013-05-02</subfield>
    <subfield code="t">1</subfield>
    <subfield code="v">2999.00</subfield>
    <subfield code="w">2008-12-12</subfield>
    <subfield code="y">CF</subfield>
    <subfield code="z">V.10</subfield>
  </datafield>
  <datafield tag="952" ind1=" " ind2=" ">
    <subfield code="0">0</subfield>
    <subfield code="1">0</subfield>
    <subfield code="2">ddc</subfield>
    <subfield code="3">V.10</subfield>
    <subfield code="4">0</subfield>
    <subfield code="7">0</subfield>
    <subfield code="a">ZLS</subfield>
    <subfield code="b">ZLS</subfield>
    <subfield code="d">2008-12-12</subfield>
    <subfield code="e">Purchase</subfield>
    <subfield code="g">2999.00</subfield>
    <subfield code="l">8</subfield>
    <subfield code="o">DVD MAHA</subfield>
    <subfield code="p">DVD-001432</subfield>
    <subfield code="r">2016-09-28 00:00:00</subfield>
    <subfield code="s">2016-09-19</subfield>
    <subfield code="t">1</subfield>
    <subfield code="v">2999.00</subfield>
    <subfield code="w">2008-12-12</subfield>
    <subfield code="y">CF</subfield>
    <subfield code="z">V.10</subfield>
  </datafield>
  <datafield tag="952" ind1=" " ind2=" ">
    <subfield code="0">0</subfield>
    <subfield code="1">0</subfield>
    <subfield code="2">ddc</subfield>
    <subfield code="3">V.10</subfield>
    <subfield code="4">0</subfield>
    <subfield code="7">0</subfield>
    <subfield code="a">BL1</subfield>
    <subfield code="b">BL1</subfield>
    <subfield code="d">2008-12-12</subfield>
    <subfield code="e">Purchase</subfield>
    <subfield code="g">2999.00</subfield>
    <subfield code="l">7</subfield>
    <subfield code="o">DVD MAHA</subfield>
    <subfield code="p">DVD-001433</subfield>
    <subfield code="r">2010-10-13 00:00:00</subfield>
    <subfield code="s">2010-10-11</subfield>
    <subfield code="t">1</subfield>
    <subfield code="v">2999.00</subfield>
    <subfield code="w">2008-12-12</subfield>
    <subfield code="y">CF</subfield>
    <subfield code="z">V.10</subfield>
  </datafield>
  <datafield tag="952" ind1=" " ind2=" ">
    <subfield code="0">0</subfield>
    <subfield code="1">0</subfield>
    <subfield code="2">ddc</subfield>
    <subfield code="3">V.11</subfield>
    <subfield code="4">0</subfield>
    <subfield code="7">0</subfield>
    <subfield code="a">L</subfield>
    <subfield code="b">L</subfield>
    <subfield code="d">2008-12-12</subfield>
    <subfield code="e">Purchase</subfield>
    <subfield code="g">2999.00</subfield>
    <subfield code="l">15</subfield>
    <subfield code="o">DVD MAHA</subfield>
    <subfield code="p">DVD-001434</subfield>
    <subfield code="r">2013-05-09 00:00:00</subfield>
    <subfield code="s">2013-05-02</subfield>
    <subfield code="t">1</subfield>
    <subfield code="v">2999.00</subfield>
    <subfield code="w">2008-12-12</subfield>
    <subfield code="y">CF</subfield>
    <subfield code="z">V.11</subfield>
  </datafield>
  <datafield tag="952" ind1=" " ind2=" ">
    <subfield code="0">0</subfield>
    <subfield code="1">0</subfield>
    <subfield code="2">ddc</subfield>
    <subfield code="3">V.11</subfield>
    <subfield code="4">0</subfield>
    <subfield code="7">0</subfield>
    <subfield code="a">ZLS</subfield>
    <subfield code="b">ZLS</subfield>
    <subfield code="d">2008-12-12</subfield>
    <subfield code="e">Purchase</subfield>
    <subfield code="g">2999.00</subfield>
    <subfield code="l">9</subfield>
    <subfield code="o">DVD MAHA</subfield>
    <subfield code="p">DVD-001435</subfield>
    <subfield code="r">2012-04-12 00:00:00</subfield>
    <subfield code="s">2012-03-31</subfield>
    <subfield code="t">1</subfield>
    <subfield code="v">2999.00</subfield>
    <subfield code="w">2008-12-12</subfield>
    <subfield code="y">CF</subfield>
    <subfield code="z">V.11</subfield>
  </datafield>
  <datafield tag="952" ind1=" " ind2=" ">
    <subfield code="0">0</subfield>
    <subfield code="1">0</subfield>
    <subfield code="2">ddc</subfield>
    <subfield code="3">V.11</subfield>
    <subfield code="4">0</subfield>
    <subfield code="7">0</subfield>
    <subfield code="a">BL1</subfield>
    <subfield code="b">BL1</subfield>
    <subfield code="d">2008-12-12</subfield>
    <subfield code="e">Purchase</subfield>
    <subfield code="g">2999.00</subfield>
    <subfield code="l">5</subfield>
    <subfield code="o">DVD MAHA</subfield>
    <subfield code="p">DVD-001436</subfield>
    <subfield code="r">2010-10-13 00:00:00</subfield>
    <subfield code="s">2010-10-11</subfield>
    <subfield code="t">1</subfield>
    <subfield code="v">2999.00</subfield>
    <subfield code="w">2008-12-12</subfield>
    <subfield code="y">CF</subfield>
    <subfield code="z">V.11</subfield>
  </datafield>
  <datafield tag="952" ind1=" " ind2=" ">
    <subfield code="0">0</subfield>
    <subfield code="1">0</subfield>
    <subfield code="2">ddc</subfield>
    <subfield code="3">V.12</subfield>
    <subfield code="4">0</subfield>
    <subfield code="7">0</subfield>
    <subfield code="a">L</subfield>
    <subfield code="b">L</subfield>
    <subfield code="d">2008-12-12</subfield>
    <subfield code="e">Purchase</subfield>
    <subfield code="g">2999.00</subfield>
    <subfield code="l">13</subfield>
    <subfield code="m">1</subfield>
    <subfield code="o">DVD MAHA</subfield>
    <subfield code="p">DVD-001437</subfield>
    <subfield code="r">2011-03-14 00:00:00</subfield>
    <subfield code="s">2011-02-28</subfield>
    <subfield code="t">1</subfield>
    <subfield code="v">2999.00</subfield>
    <subfield code="w">2008-12-12</subfield>
    <subfield code="y">CF</subfield>
    <subfield code="z">V.12</subfield>
  </datafield>
  <datafield tag="952" ind1=" " ind2=" ">
    <subfield code="0">0</subfield>
    <subfield code="1">0</subfield>
    <subfield code="2">ddc</subfield>
    <subfield code="3">V.12</subfield>
    <subfield code="4">0</subfield>
    <subfield code="7">0</subfield>
    <subfield code="a">ZLS</subfield>
    <subfield code="b">ZLS</subfield>
    <subfield code="d">2008-12-12</subfield>
    <subfield code="e">Purchase</subfield>
    <subfield code="g">2999.00</subfield>
    <subfield code="l">10</subfield>
    <subfield code="o">DVD MAHA</subfield>
    <subfield code="p">DVD-001438</subfield>
    <subfield code="r">2020-02-12 00:00:00</subfield>
    <subfield code="s">2012-04-12</subfield>
    <subfield code="t">1</subfield>
    <subfield code="v">2999.00</subfield>
    <subfield code="w">2008-12-12</subfield>
    <subfield code="y">CF</subfield>
    <subfield code="z">V.12</subfield>
  </datafield>
  <datafield tag="952" ind1=" " ind2=" ">
    <subfield code="0">0</subfield>
    <subfield code="1">0</subfield>
    <subfield code="2">ddc</subfield>
    <subfield code="3">V.12</subfield>
    <subfield code="4">0</subfield>
    <subfield code="7">0</subfield>
    <subfield code="a">BL1</subfield>
    <subfield code="b">BL1</subfield>
    <subfield code="d">2008-12-12</subfield>
    <subfield code="e">Purchase</subfield>
    <subfield code="g">2999.00</subfield>
    <subfield code="l">6</subfield>
    <subfield code="m">1</subfield>
    <subfield code="o">DVD MAHA</subfield>
    <subfield code="p">DVD-001439</subfield>
    <subfield code="r">2010-08-04 00:00:00</subfield>
    <subfield code="s">2010-07-13</subfield>
    <subfield code="t">1</subfield>
    <subfield code="v">2999.00</subfield>
    <subfield code="w">2008-12-12</subfield>
    <subfield code="y">CF</subfield>
    <subfield code="z">V.12</subfield>
  </datafield>
  <datafield tag="952" ind1=" " ind2=" ">
    <subfield code="0">0</subfield>
    <subfield code="1">0</subfield>
    <subfield code="2">ddc</subfield>
    <subfield code="3">V.13</subfield>
    <subfield code="4">0</subfield>
    <subfield code="7">0</subfield>
    <subfield code="a">L</subfield>
    <subfield code="b">L</subfield>
    <subfield code="d">2008-12-12</subfield>
    <subfield code="e">Purchase</subfield>
    <subfield code="g">2999.00</subfield>
    <subfield code="l">15</subfield>
    <subfield code="o">DVD MAHA</subfield>
    <subfield code="p">DVD-001440</subfield>
    <subfield code="r">2013-05-11 00:00:00</subfield>
    <subfield code="s">2013-05-09</subfield>
    <subfield code="t">1</subfield>
    <subfield code="v">2999.00</subfield>
    <subfield code="w">2008-12-12</subfield>
    <subfield code="y">CF</subfield>
    <subfield code="z">V.13</subfield>
  </datafield>
  <datafield tag="952" ind1=" " ind2=" ">
    <subfield code="0">0</subfield>
    <subfield code="1">0</subfield>
    <subfield code="2">ddc</subfield>
    <subfield code="3">V.13</subfield>
    <subfield code="4">0</subfield>
    <subfield code="7">0</subfield>
    <subfield code="a">ZLS</subfield>
    <subfield code="b">ZLS</subfield>
    <subfield code="d">2008-12-12</subfield>
    <subfield code="e">Purchase</subfield>
    <subfield code="g">2999.00</subfield>
    <subfield code="l">9</subfield>
    <subfield code="o">DVD MAHA</subfield>
    <subfield code="p">DVD-001441</subfield>
    <subfield code="r">2016-10-21 00:00:00</subfield>
    <subfield code="s">2016-09-28</subfield>
    <subfield code="t">1</subfield>
    <subfield code="v">2999.00</subfield>
    <subfield code="w">2008-12-12</subfield>
    <subfield code="y">CF</subfield>
    <subfield code="z">V.13</subfield>
  </datafield>
  <datafield tag="952" ind1=" " ind2=" ">
    <subfield code="0">0</subfield>
    <subfield code="1">0</subfield>
    <subfield code="2">ddc</subfield>
    <subfield code="3">V.13</subfield>
    <subfield code="4">0</subfield>
    <subfield code="7">0</subfield>
    <subfield code="a">BL1</subfield>
    <subfield code="b">BL1</subfield>
    <subfield code="d">2008-12-12</subfield>
    <subfield code="e">Purchase</subfield>
    <subfield code="g">2999.00</subfield>
    <subfield code="l">5</subfield>
    <subfield code="o">DVD MAHA</subfield>
    <subfield code="p">DVD-001442</subfield>
    <subfield code="r">2010-11-11 00:00:00</subfield>
    <subfield code="s">2010-10-12</subfield>
    <subfield code="t">1</subfield>
    <subfield code="v">2999.00</subfield>
    <subfield code="w">2008-12-12</subfield>
    <subfield code="y">CF</subfield>
    <subfield code="z">V.13</subfield>
  </datafield>
  <datafield tag="952" ind1=" " ind2=" ">
    <subfield code="0">0</subfield>
    <subfield code="1">0</subfield>
    <subfield code="2">ddc</subfield>
    <subfield code="3">V.14</subfield>
    <subfield code="4">0</subfield>
    <subfield code="7">0</subfield>
    <subfield code="a">L</subfield>
    <subfield code="b">L</subfield>
    <subfield code="d">2008-12-12</subfield>
    <subfield code="e">Purchase</subfield>
    <subfield code="g">2999.00</subfield>
    <subfield code="l">14</subfield>
    <subfield code="o">DVD MAHA</subfield>
    <subfield code="p">DVD-001443</subfield>
    <subfield code="r">2011-05-01 00:00:00</subfield>
    <subfield code="s">2011-04-20</subfield>
    <subfield code="t">1</subfield>
    <subfield code="v">2999.00</subfield>
    <subfield code="w">2008-12-12</subfield>
    <subfield code="y">CF</subfield>
    <subfield code="z">V.14</subfield>
  </datafield>
  <datafield tag="952" ind1=" " ind2=" ">
    <subfield code="0">0</subfield>
    <subfield code="1">0</subfield>
    <subfield code="2">ddc</subfield>
    <subfield code="3">V.14</subfield>
    <subfield code="4">0</subfield>
    <subfield code="7">0</subfield>
    <subfield code="a">ZLS</subfield>
    <subfield code="b">ZLS</subfield>
    <subfield code="d">2008-12-12</subfield>
    <subfield code="e">Purchase</subfield>
    <subfield code="g">2999.00</subfield>
    <subfield code="l">11</subfield>
    <subfield code="o">DVD MAHA</subfield>
    <subfield code="p">DVD-001444</subfield>
    <subfield code="r">2012-05-14 00:00:00</subfield>
    <subfield code="s">2012-05-01</subfield>
    <subfield code="t">1</subfield>
    <subfield code="v">2999.00</subfield>
    <subfield code="w">2008-12-12</subfield>
    <subfield code="y">CF</subfield>
    <subfield code="z">V.14</subfield>
  </datafield>
  <datafield tag="952" ind1=" " ind2=" ">
    <subfield code="0">0</subfield>
    <subfield code="1">0</subfield>
    <subfield code="2">ddc</subfield>
    <subfield code="3">V.14</subfield>
    <subfield code="4">0</subfield>
    <subfield code="7">0</subfield>
    <subfield code="a">BL1</subfield>
    <subfield code="b">BL1</subfield>
    <subfield code="d">2008-12-12</subfield>
    <subfield code="e">Purchase</subfield>
    <subfield code="g">2999.00</subfield>
    <subfield code="l">10</subfield>
    <subfield code="o">DVD MAHA</subfield>
    <subfield code="p">DVD-001445</subfield>
    <subfield code="r">2016-04-12 00:00:00</subfield>
    <subfield code="s">2016-04-07</subfield>
    <subfield code="t">1</subfield>
    <subfield code="v">2999.00</subfield>
    <subfield code="w">2008-12-12</subfield>
    <subfield code="y">CF</subfield>
    <subfield code="z">V.14</subfield>
  </datafield>
  <datafield tag="952" ind1=" " ind2=" ">
    <subfield code="0">0</subfield>
    <subfield code="1">0</subfield>
    <subfield code="2">ddc</subfield>
    <subfield code="3">V.15</subfield>
    <subfield code="4">0</subfield>
    <subfield code="7">0</subfield>
    <subfield code="a">L</subfield>
    <subfield code="b">L</subfield>
    <subfield code="d">2008-12-12</subfield>
    <subfield code="e">Purchase</subfield>
    <subfield code="g">2999.00</subfield>
    <subfield code="l">20</subfield>
    <subfield code="m">1</subfield>
    <subfield code="o">DVD MAHA</subfield>
    <subfield code="p">DVD-001446</subfield>
    <subfield code="r">2013-05-21 00:00:00</subfield>
    <subfield code="s">2013-05-11</subfield>
    <subfield code="t">1</subfield>
    <subfield code="v">2999.00</subfield>
    <subfield code="w">2008-12-12</subfield>
    <subfield code="y">CF</subfield>
    <subfield code="z">V.15</subfield>
  </datafield>
  <datafield tag="952" ind1=" " ind2=" ">
    <subfield code="0">0</subfield>
    <subfield code="1">0</subfield>
    <subfield code="2">ddc</subfield>
    <subfield code="3">V.15</subfield>
    <subfield code="4">0</subfield>
    <subfield code="7">0</subfield>
    <subfield code="a">ZLS</subfield>
    <subfield code="b">ZLS</subfield>
    <subfield code="d">2008-12-12</subfield>
    <subfield code="e">Purchase</subfield>
    <subfield code="g">2999.00</subfield>
    <subfield code="l">10</subfield>
    <subfield code="o">DVD MAHA</subfield>
    <subfield code="p">DVD-001447</subfield>
    <subfield code="r">2012-05-14 00:00:00</subfield>
    <subfield code="s">2012-05-01</subfield>
    <subfield code="t">1</subfield>
    <subfield code="v">2999.00</subfield>
    <subfield code="w">2008-12-12</subfield>
    <subfield code="y">CF</subfield>
    <subfield code="z">V.15</subfield>
  </datafield>
  <datafield tag="952" ind1=" " ind2=" ">
    <subfield code="0">0</subfield>
    <subfield code="1">0</subfield>
    <subfield code="2">ddc</subfield>
    <subfield code="3">V.15</subfield>
    <subfield code="4">0</subfield>
    <subfield code="7">0</subfield>
    <subfield code="a">BL1</subfield>
    <subfield code="b">BL1</subfield>
    <subfield code="d">2008-12-12</subfield>
    <subfield code="e">Purchase</subfield>
    <subfield code="g">2999.00</subfield>
    <subfield code="l">4</subfield>
    <subfield code="o">DVD MAHA</subfield>
    <subfield code="p">DVD-001448</subfield>
    <subfield code="r">2019-10-24 00:00:00</subfield>
    <subfield code="s">2010-03-04</subfield>
    <subfield code="t">1</subfield>
    <subfield code="v">2999.00</subfield>
    <subfield code="w">2008-12-12</subfield>
    <subfield code="y">CF</subfield>
    <subfield code="z">V.15</subfield>
  </datafield>
  <datafield tag="952" ind1=" " ind2=" ">
    <subfield code="0">0</subfield>
    <subfield code="1">0</subfield>
    <subfield code="2">ddc</subfield>
    <subfield code="3">V.16</subfield>
    <subfield code="4">0</subfield>
    <subfield code="7">0</subfield>
    <subfield code="a">L</subfield>
    <subfield code="b">L</subfield>
    <subfield code="d">2008-12-12</subfield>
    <subfield code="e">Purchase</subfield>
    <subfield code="g">2999.00</subfield>
    <subfield code="l">12</subfield>
    <subfield code="o">DVD MAHA</subfield>
    <subfield code="p">DVD-001449</subfield>
    <subfield code="r">2014-06-13 00:00:00</subfield>
    <subfield code="s">2014-06-04</subfield>
    <subfield code="t">1</subfield>
    <subfield code="v">2999.00</subfield>
    <subfield code="w">2008-12-12</subfield>
    <subfield code="y">CF</subfield>
    <subfield code="z">V.16</subfield>
  </datafield>
  <datafield tag="952" ind1=" " ind2=" ">
    <subfield code="0">0</subfield>
    <subfield code="1">0</subfield>
    <subfield code="2">ddc</subfield>
    <subfield code="3">V.16</subfield>
    <subfield code="4">0</subfield>
    <subfield code="7">0</subfield>
    <subfield code="a">BL1</subfield>
    <subfield code="b">BL1</subfield>
    <subfield code="d">2008-12-12</subfield>
    <subfield code="e">Purchase</subfield>
    <subfield code="g">2999.00</subfield>
    <subfield code="l">11</subfield>
    <subfield code="o">DVD MAHA</subfield>
    <subfield code="p">DVD-001451</subfield>
    <subfield code="r">2012-10-26 00:00:00</subfield>
    <subfield code="s">2012-10-18</subfield>
    <subfield code="t">1</subfield>
    <subfield code="v">2999.00</subfield>
    <subfield code="w">2008-12-12</subfield>
    <subfield code="y">CF</subfield>
    <subfield code="z">V.16</subfield>
  </datafield>
  <datafield tag="952" ind1=" " ind2=" ">
    <subfield code="0">0</subfield>
    <subfield code="1">0</subfield>
    <subfield code="2">ddc</subfield>
    <subfield code="3">V.17</subfield>
    <subfield code="4">0</subfield>
    <subfield code="7">0</subfield>
    <subfield code="a">L</subfield>
    <subfield code="b">L</subfield>
    <subfield code="d">2008-12-12</subfield>
    <subfield code="e">Purchase</subfield>
    <subfield code="g">2999.00</subfield>
    <subfield code="l">15</subfield>
    <subfield code="o">DVD MAHA</subfield>
    <subfield code="p">DVD-001452</subfield>
    <subfield code="r">2013-07-13 00:00:00</subfield>
    <subfield code="s">2013-07-01</subfield>
    <subfield code="t">1</subfield>
    <subfield code="v">2999.00</subfield>
    <subfield code="w">2008-12-12</subfield>
    <subfield code="y">CF</subfield>
    <subfield code="z">V.17</subfield>
  </datafield>
  <datafield tag="952" ind1=" " ind2=" ">
    <subfield code="0">0</subfield>
    <subfield code="1">0</subfield>
    <subfield code="2">ddc</subfield>
    <subfield code="3">V.17</subfield>
    <subfield code="4">0</subfield>
    <subfield code="7">0</subfield>
    <subfield code="a">ZLS</subfield>
    <subfield code="b">ZLS</subfield>
    <subfield code="d">2008-12-12</subfield>
    <subfield code="e">Purchase</subfield>
    <subfield code="g">2999.00</subfield>
    <subfield code="l">12</subfield>
    <subfield code="o">DVD MAHA</subfield>
    <subfield code="p">DVD-001453</subfield>
    <subfield code="r">2013-06-04 00:00:00</subfield>
    <subfield code="s">2013-05-21</subfield>
    <subfield code="t">1</subfield>
    <subfield code="v">2999.00</subfield>
    <subfield code="w">2008-12-12</subfield>
    <subfield code="y">CF</subfield>
    <subfield code="z">V.17</subfield>
  </datafield>
  <datafield tag="952" ind1=" " ind2=" ">
    <subfield code="0">0</subfield>
    <subfield code="1">0</subfield>
    <subfield code="2">ddc</subfield>
    <subfield code="3">V.17</subfield>
    <subfield code="4">0</subfield>
    <subfield code="7">0</subfield>
    <subfield code="a">BL1</subfield>
    <subfield code="b">BL1</subfield>
    <subfield code="d">2008-12-12</subfield>
    <subfield code="e">Purchase</subfield>
    <subfield code="g">2999.00</subfield>
    <subfield code="l">9</subfield>
    <subfield code="m">2</subfield>
    <subfield code="o">DVD MAHA</subfield>
    <subfield code="p">DVD-001454</subfield>
    <subfield code="r">2011-01-03 00:00:00</subfield>
    <subfield code="s">2010-12-19</subfield>
    <subfield code="t">1</subfield>
    <subfield code="v">2999.00</subfield>
    <subfield code="w">2008-12-12</subfield>
    <subfield code="y">CF</subfield>
    <subfield code="z">V.17</subfield>
  </datafield>
  <datafield tag="952" ind1=" " ind2=" ">
    <subfield code="0">0</subfield>
    <subfield code="1">0</subfield>
    <subfield code="2">ddc</subfield>
    <subfield code="3">V.18</subfield>
    <subfield code="4">0</subfield>
    <subfield code="7">0</subfield>
    <subfield code="a">L</subfield>
    <subfield code="b">L</subfield>
    <subfield code="d">2008-12-12</subfield>
    <subfield code="e">Purchase</subfield>
    <subfield code="g">2999.00</subfield>
    <subfield code="l">15</subfield>
    <subfield code="o">DVD MAHA</subfield>
    <subfield code="p">DVD-001455</subfield>
    <subfield code="r">2011-04-20 00:00:00</subfield>
    <subfield code="s">2011-04-06</subfield>
    <subfield code="t">1</subfield>
    <subfield code="v">2999.00</subfield>
    <subfield code="w">2008-12-12</subfield>
    <subfield code="y">CF</subfield>
    <subfield code="z">V.18</subfield>
  </datafield>
  <datafield tag="952" ind1=" " ind2=" ">
    <subfield code="0">0</subfield>
    <subfield code="1">0</subfield>
    <subfield code="2">ddc</subfield>
    <subfield code="3">V.18</subfield>
    <subfield code="4">0</subfield>
    <subfield code="7">0</subfield>
    <subfield code="a">ZLS</subfield>
    <subfield code="b">ZLS</subfield>
    <subfield code="d">2008-12-12</subfield>
    <subfield code="e">Purchase</subfield>
    <subfield code="g">2999.00</subfield>
    <subfield code="l">13</subfield>
    <subfield code="o">DVD MAHA</subfield>
    <subfield code="p">DVD-001456</subfield>
    <subfield code="r">2016-09-28 00:00:00</subfield>
    <subfield code="s">2016-09-23</subfield>
    <subfield code="t">1</subfield>
    <subfield code="v">2999.00</subfield>
    <subfield code="w">2008-12-12</subfield>
    <subfield code="y">CF</subfield>
    <subfield code="z">V.18</subfield>
  </datafield>
  <datafield tag="952" ind1=" " ind2=" ">
    <subfield code="0">0</subfield>
    <subfield code="1">0</subfield>
    <subfield code="2">ddc</subfield>
    <subfield code="3">V.18</subfield>
    <subfield code="4">0</subfield>
    <subfield code="7">0</subfield>
    <subfield code="a">BL1</subfield>
    <subfield code="b">BL1</subfield>
    <subfield code="d">2008-12-12</subfield>
    <subfield code="e">Purchase</subfield>
    <subfield code="g">2999.00</subfield>
    <subfield code="l">11</subfield>
    <subfield code="m">1</subfield>
    <subfield code="o">DVD MAHA</subfield>
    <subfield code="p">DVD-001457</subfield>
    <subfield code="r">2012-10-26 00:00:00</subfield>
    <subfield code="s">2012-10-18</subfield>
    <subfield code="t">1</subfield>
    <subfield code="v">2999.00</subfield>
    <subfield code="w">2008-12-12</subfield>
    <subfield code="y">CF</subfield>
    <subfield code="z">V.18</subfield>
  </datafield>
  <datafield tag="952" ind1=" " ind2=" ">
    <subfield code="0">0</subfield>
    <subfield code="1">0</subfield>
    <subfield code="2">ddc</subfield>
    <subfield code="3">V.19</subfield>
    <subfield code="4">0</subfield>
    <subfield code="7">0</subfield>
    <subfield code="a">L</subfield>
    <subfield code="b">L</subfield>
    <subfield code="d">2008-12-12</subfield>
    <subfield code="e">Purchase</subfield>
    <subfield code="g">2999.00</subfield>
    <subfield code="l">13</subfield>
    <subfield code="o">DVD MAHA</subfield>
    <subfield code="p">DVD-001458</subfield>
    <subfield code="r">2011-05-26 00:00:00</subfield>
    <subfield code="s">2011-05-13</subfield>
    <subfield code="t">1</subfield>
    <subfield code="v">2999.00</subfield>
    <subfield code="w">2008-12-12</subfield>
    <subfield code="y">CF</subfield>
    <subfield code="z">V.19</subfield>
  </datafield>
  <datafield tag="952" ind1=" " ind2=" ">
    <subfield code="0">0</subfield>
    <subfield code="1">0</subfield>
    <subfield code="2">ddc</subfield>
    <subfield code="3">V.19</subfield>
    <subfield code="4">0</subfield>
    <subfield code="7">0</subfield>
    <subfield code="a">ZLS</subfield>
    <subfield code="b">ZLS</subfield>
    <subfield code="d">2008-12-12</subfield>
    <subfield code="e">Purchase</subfield>
    <subfield code="g">2999.00</subfield>
    <subfield code="l">13</subfield>
    <subfield code="o">DVD MAHA</subfield>
    <subfield code="p">DVD-001459</subfield>
    <subfield code="r">2016-10-21 00:00:00</subfield>
    <subfield code="s">2016-09-28</subfield>
    <subfield code="t">1</subfield>
    <subfield code="v">2999.00</subfield>
    <subfield code="w">2008-12-12</subfield>
    <subfield code="y">CF</subfield>
    <subfield code="z">V.19</subfield>
  </datafield>
  <datafield tag="952" ind1=" " ind2=" ">
    <subfield code="0">0</subfield>
    <subfield code="1">0</subfield>
    <subfield code="2">ddc</subfield>
    <subfield code="3">V.19</subfield>
    <subfield code="4">0</subfield>
    <subfield code="7">0</subfield>
    <subfield code="a">BL1</subfield>
    <subfield code="b">BL1</subfield>
    <subfield code="d">2008-12-12</subfield>
    <subfield code="e">Purchase</subfield>
    <subfield code="g">2999.00</subfield>
    <subfield code="l">8</subfield>
    <subfield code="o">DVD MAHA</subfield>
    <subfield code="p">DVD-001460</subfield>
    <subfield code="r">2014-09-14 00:00:00</subfield>
    <subfield code="s">2014-09-10</subfield>
    <subfield code="t">1</subfield>
    <subfield code="v">2999.00</subfield>
    <subfield code="w">2008-12-12</subfield>
    <subfield code="y">CF</subfield>
    <subfield code="z">V.19</subfield>
  </datafield>
  <datafield tag="952" ind1=" " ind2=" ">
    <subfield code="0">0</subfield>
    <subfield code="1">0</subfield>
    <subfield code="2">ddc</subfield>
    <subfield code="3">V.16</subfield>
    <subfield code="4">0</subfield>
    <subfield code="7">0</subfield>
    <subfield code="a">ZLS</subfield>
    <subfield code="b">ZLS</subfield>
    <subfield code="d">2008-12-15</subfield>
    <subfield code="e">Purchase</subfield>
    <subfield code="g">2999.00</subfield>
    <subfield code="l">9</subfield>
    <subfield code="o">DVD MAHA</subfield>
    <subfield code="p">DVD-001450</subfield>
    <subfield code="r">2012-01-09 00:00:00</subfield>
    <subfield code="s">2012-01-02</subfield>
    <subfield code="t">1</subfield>
    <subfield code="v">2999.00</subfield>
    <subfield code="w">2008-12-15</subfield>
    <subfield code="y">CF</subfield>
    <subfield code="z">V.16</subfield>
  </datafield>
  <datafield tag="952" ind1=" " ind2=" ">
    <subfield code="0">0</subfield>
    <subfield code="1">0</subfield>
    <subfield code="2">ddc</subfield>
    <subfield code="3">V.1</subfield>
    <subfield code="4">0</subfield>
    <subfield code="7">0</subfield>
    <subfield code="a">JP</subfield>
    <subfield code="b">JP</subfield>
    <subfield code="d">2009-11-25</subfield>
    <subfield code="e">Pioneers/885/29-10-09/325/13-10-09 /06-11-09 </subfield>
    <subfield code="g">2999.00</subfield>
    <subfield code="l">17</subfield>
    <subfield code="o">DVD MAHA</subfield>
    <subfield code="p">DVD-004861</subfield>
    <subfield code="r">2011-09-14 00:00:00</subfield>
    <subfield code="s">2011-08-29</subfield>
    <subfield code="t">1</subfield>
    <subfield code="v">2999.00</subfield>
    <subfield code="w">2009-11-25</subfield>
    <subfield code="y">CF</subfield>
    <subfield code="z">V.1</subfield>
  </datafield>
  <datafield tag="952" ind1=" " ind2=" ">
    <subfield code="0">0</subfield>
    <subfield code="1">0</subfield>
    <subfield code="2">ddc</subfield>
    <subfield code="3">V.1</subfield>
    <subfield code="4">0</subfield>
    <subfield code="7">0</subfield>
    <subfield code="a">RKP</subfield>
    <subfield code="b">RKP</subfield>
    <subfield code="d">2009-11-25</subfield>
    <subfield code="e">Pioneers/885/29-10-09/325/13-10-09 /06-11-09 </subfield>
    <subfield code="g">2999.00</subfield>
    <subfield code="l">5</subfield>
    <subfield code="o">DVD MAHA</subfield>
    <subfield code="p">DVD-004862</subfield>
    <subfield code="r">2014-04-22 00:00:00</subfield>
    <subfield code="s">2014-04-15</subfield>
    <subfield code="t">1</subfield>
    <subfield code="v">2999.00</subfield>
    <subfield code="w">2009-11-25</subfield>
    <subfield code="y">CF</subfield>
    <subfield code="z">V.1</subfield>
  </datafield>
  <datafield tag="952" ind1=" " ind2=" ">
    <subfield code="0">0</subfield>
    <subfield code="1">0</subfield>
    <subfield code="2">ddc</subfield>
    <subfield code="3">V.1</subfield>
    <subfield code="4">0</subfield>
    <subfield code="7">0</subfield>
    <subfield code="a">VP</subfield>
    <subfield code="b">VP</subfield>
    <subfield code="d">2009-11-25</subfield>
    <subfield code="e">Pioneers/885/29-10-09/325/13-10-09 /06-11-09 </subfield>
    <subfield code="g">2999.00</subfield>
    <subfield code="l">14</subfield>
    <subfield code="m">3</subfield>
    <subfield code="o">DVD MAHA</subfield>
    <subfield code="p">DVD-004863</subfield>
    <subfield code="r">2018-04-27 00:00:00</subfield>
    <subfield code="s">2018-03-10</subfield>
    <subfield code="t">1</subfield>
    <subfield code="v">2999.00</subfield>
    <subfield code="w">2009-11-25</subfield>
    <subfield code="y">CF</subfield>
    <subfield code="z">V.1</subfield>
  </datafield>
  <datafield tag="952" ind1=" " ind2=" ">
    <subfield code="0">0</subfield>
    <subfield code="1">0</subfield>
    <subfield code="2">ddc</subfield>
    <subfield code="3">V.1</subfield>
    <subfield code="4">0</subfield>
    <subfield code="7">0</subfield>
    <subfield code="a">BL3</subfield>
    <subfield code="b">BL3</subfield>
    <subfield code="d">2009-11-25</subfield>
    <subfield code="e">Pioneers/885/29-10-09/325/13-10-09 /06-11-09 </subfield>
    <subfield code="g">2999.00</subfield>
    <subfield code="l">17</subfield>
    <subfield code="o">DVD MAHA</subfield>
    <subfield code="p">DVD-004864</subfield>
    <subfield code="r">2015-04-27 00:00:00</subfield>
    <subfield code="s">2012-12-17</subfield>
    <subfield code="t">1</subfield>
    <subfield code="v">2999.00</subfield>
    <subfield code="w">2009-11-25</subfield>
    <subfield code="y">CF</subfield>
    <subfield code="z">V.1</subfield>
  </datafield>
  <datafield tag="952" ind1=" " ind2=" ">
    <subfield code="0">0</subfield>
    <subfield code="1">0</subfield>
    <subfield code="2">ddc</subfield>
    <subfield code="3">V.1</subfield>
    <subfield code="4">0</subfield>
    <subfield code="7">0</subfield>
    <subfield code="a">NR</subfield>
    <subfield code="b">NR</subfield>
    <subfield code="d">2009-11-25</subfield>
    <subfield code="e">Pioneers/885/29-10-09/325/13-10-09 /06-11-09 </subfield>
    <subfield code="g">2999.00</subfield>
    <subfield code="l">10</subfield>
    <subfield code="m">1</subfield>
    <subfield code="o">DVD MAHA</subfield>
    <subfield code="p">DVD-004865</subfield>
    <subfield code="r">2014-02-10 00:00:00</subfield>
    <subfield code="s">2014-02-06</subfield>
    <subfield code="t">1</subfield>
    <subfield code="v">2999.00</subfield>
    <subfield code="w">2009-11-25</subfield>
    <subfield code="y">CF</subfield>
    <subfield code="z">V.1</subfield>
  </datafield>
  <datafield tag="952" ind1=" " ind2=" ">
    <subfield code="0">0</subfield>
    <subfield code="1">0</subfield>
    <subfield code="2">ddc</subfield>
    <subfield code="3">V.1</subfield>
    <subfield code="4">0</subfield>
    <subfield code="7">0</subfield>
    <subfield code="a">BL4</subfield>
    <subfield code="b">BL4</subfield>
    <subfield code="d">2009-11-25</subfield>
    <subfield code="e">Pioneers/885/29-10-09/325/13-10-09 /06-11-09 </subfield>
    <subfield code="g">2999.00</subfield>
    <subfield code="l">0</subfield>
    <subfield code="o">DVD MAHA</subfield>
    <subfield code="p">DVD-004866</subfield>
    <subfield code="r">2009-11-25 00:00:00</subfield>
    <subfield code="t">1</subfield>
    <subfield code="v">2999.00</subfield>
    <subfield code="w">2009-11-25</subfield>
    <subfield code="y">CF</subfield>
    <subfield code="z">V.1</subfield>
  </datafield>
  <datafield tag="952" ind1=" " ind2=" ">
    <subfield code="0">0</subfield>
    <subfield code="1">0</subfield>
    <subfield code="2">ddc</subfield>
    <subfield code="3">V.2</subfield>
    <subfield code="4">0</subfield>
    <subfield code="7">0</subfield>
    <subfield code="a">JP</subfield>
    <subfield code="b">JP</subfield>
    <subfield code="d">2009-11-25</subfield>
    <subfield code="e">Pioneers/885/29-10-09/325/13-10-09 /06-11-09 </subfield>
    <subfield code="g">2999.00</subfield>
    <subfield code="l">26</subfield>
    <subfield code="m">1</subfield>
    <subfield code="o">DVD MAHA</subfield>
    <subfield code="p">DVD-004867</subfield>
    <subfield code="r">2013-04-05 00:00:00</subfield>
    <subfield code="s">2013-03-26</subfield>
    <subfield code="t">1</subfield>
    <subfield code="v">2999.00</subfield>
    <subfield code="w">2009-11-25</subfield>
    <subfield code="y">CF</subfield>
    <subfield code="z">V.2</subfield>
  </datafield>
  <datafield tag="952" ind1=" " ind2=" ">
    <subfield code="0">0</subfield>
    <subfield code="1">0</subfield>
    <subfield code="2">ddc</subfield>
    <subfield code="3">V.2</subfield>
    <subfield code="4">0</subfield>
    <subfield code="7">0</subfield>
    <subfield code="a">RKP</subfield>
    <subfield code="b">RKP</subfield>
    <subfield code="d">2009-11-25</subfield>
    <subfield code="e">Pioneers/885/29-10-09/325/13-10-09 /06-11-09 </subfield>
    <subfield code="g">2999.00</subfield>
    <subfield code="l">4</subfield>
    <subfield code="o">DVD MAHA</subfield>
    <subfield code="p">DVD-004868</subfield>
    <subfield code="r">2014-04-22 00:00:00</subfield>
    <subfield code="s">2014-04-15</subfield>
    <subfield code="t">1</subfield>
    <subfield code="v">2999.00</subfield>
    <subfield code="w">2009-11-25</subfield>
    <subfield code="y">CF</subfield>
    <subfield code="z">V.2</subfield>
  </datafield>
  <datafield tag="952" ind1=" " ind2=" ">
    <subfield code="0">0</subfield>
    <subfield code="1">0</subfield>
    <subfield code="2">ddc</subfield>
    <subfield code="3">V.2</subfield>
    <subfield code="4">0</subfield>
    <subfield code="7">0</subfield>
    <subfield code="a">VP</subfield>
    <subfield code="b">VP</subfield>
    <subfield code="d">2009-11-25</subfield>
    <subfield code="e">Pioneers/885/29-10-09/325/13-10-09 /06-11-09 </subfield>
    <subfield code="g">2999.00</subfield>
    <subfield code="l">10</subfield>
    <subfield code="o">DVD MAHA</subfield>
    <subfield code="p">DVD-004869</subfield>
    <subfield code="r">2016-05-16 00:00:00</subfield>
    <subfield code="s">2016-04-09</subfield>
    <subfield code="t">1</subfield>
    <subfield code="v">2999.00</subfield>
    <subfield code="w">2009-11-25</subfield>
    <subfield code="y">CF</subfield>
    <subfield code="z">V.2</subfield>
  </datafield>
  <datafield tag="952" ind1=" " ind2=" ">
    <subfield code="0">0</subfield>
    <subfield code="1">0</subfield>
    <subfield code="2">ddc</subfield>
    <subfield code="3">V.2</subfield>
    <subfield code="4">0</subfield>
    <subfield code="7">0</subfield>
    <subfield code="a">BL3</subfield>
    <subfield code="b">BL3</subfield>
    <subfield code="d">2009-11-25</subfield>
    <subfield code="e">Pioneers/885/29-10-09/325/13-10-09 /06-11-09 </subfield>
    <subfield code="g">2999.00</subfield>
    <subfield code="l">12</subfield>
    <subfield code="o">DVD MAHA</subfield>
    <subfield code="p">DVD-004870</subfield>
    <subfield code="r">2015-04-27 00:00:00</subfield>
    <subfield code="s">2012-12-20</subfield>
    <subfield code="t">1</subfield>
    <subfield code="v">2999.00</subfield>
    <subfield code="w">2009-11-25</subfield>
    <subfield code="y">CF</subfield>
    <subfield code="z">V.2</subfield>
  </datafield>
  <datafield tag="952" ind1=" " ind2=" ">
    <subfield code="0">0</subfield>
    <subfield code="1">0</subfield>
    <subfield code="2">ddc</subfield>
    <subfield code="3">V.2</subfield>
    <subfield code="4">0</subfield>
    <subfield code="7">0</subfield>
    <subfield code="a">NR</subfield>
    <subfield code="b">NR</subfield>
    <subfield code="d">2009-11-25</subfield>
    <subfield code="e">Pioneers/885/29-10-09/325/13-10-09 /06-11-09 </subfield>
    <subfield code="g">2999.00</subfield>
    <subfield code="l">6</subfield>
    <subfield code="m">1</subfield>
    <subfield code="o">DVD MAHA</subfield>
    <subfield code="p">DVD-004871</subfield>
    <subfield code="r">2014-02-10 00:00:00</subfield>
    <subfield code="s">2014-02-06</subfield>
    <subfield code="t">1</subfield>
    <subfield code="v">2999.00</subfield>
    <subfield code="w">2009-11-25</subfield>
    <subfield code="y">CF</subfield>
    <subfield code="z">V.2</subfield>
  </datafield>
  <datafield tag="952" ind1=" " ind2=" ">
    <subfield code="0">0</subfield>
    <subfield code="1">0</subfield>
    <subfield code="2">ddc</subfield>
    <subfield code="3">V.2</subfield>
    <subfield code="4">0</subfield>
    <subfield code="7">0</subfield>
    <subfield code="a">BL4</subfield>
    <subfield code="b">BL4</subfield>
    <subfield code="d">2009-11-25</subfield>
    <subfield code="e">Pioneers/885/29-10-09/325/13-10-09 /06-11-09 </subfield>
    <subfield code="g">2999.00</subfield>
    <subfield code="l">0</subfield>
    <subfield code="o">DVD MAHA</subfield>
    <subfield code="p">DVD-004872</subfield>
    <subfield code="r">2009-11-25 00:00:00</subfield>
    <subfield code="t">1</subfield>
    <subfield code="v">2999.00</subfield>
    <subfield code="w">2009-11-25</subfield>
    <subfield code="y">CF</subfield>
    <subfield code="z">V.2</subfield>
  </datafield>
  <datafield tag="952" ind1=" " ind2=" ">
    <subfield code="0">0</subfield>
    <subfield code="1">0</subfield>
    <subfield code="2">ddc</subfield>
    <subfield code="3">V.3</subfield>
    <subfield code="4">0</subfield>
    <subfield code="7">0</subfield>
    <subfield code="a">JP</subfield>
    <subfield code="b">JP</subfield>
    <subfield code="d">2009-11-25</subfield>
    <subfield code="e">Pioneers/885/29-10-09/325/13-10-09 /06-11-09 </subfield>
    <subfield code="g">2999.00</subfield>
    <subfield code="l">16</subfield>
    <subfield code="o">DVD MAHA</subfield>
    <subfield code="p">DVD-004873</subfield>
    <subfield code="r">2013-05-01 00:00:00</subfield>
    <subfield code="s">2013-04-25</subfield>
    <subfield code="t">1</subfield>
    <subfield code="v">2999.00</subfield>
    <subfield code="w">2009-11-25</subfield>
    <subfield code="y">CF</subfield>
    <subfield code="z">V.3</subfield>
  </datafield>
  <datafield tag="952" ind1=" " ind2=" ">
    <subfield code="0">0</subfield>
    <subfield code="1">0</subfield>
    <subfield code="2">ddc</subfield>
    <subfield code="3">V.3</subfield>
    <subfield code="4">0</subfield>
    <subfield code="7">0</subfield>
    <subfield code="a">RKP</subfield>
    <subfield code="b">RKP</subfield>
    <subfield code="d">2009-11-25</subfield>
    <subfield code="e">Pioneers/885/29-10-09/325/13-10-09 /06-11-09 </subfield>
    <subfield code="g">2999.00</subfield>
    <subfield code="l">1</subfield>
    <subfield code="o">DVD MAHA</subfield>
    <subfield code="p">DVD-004874</subfield>
    <subfield code="r">2011-12-12 00:00:00</subfield>
    <subfield code="s">2011-12-10</subfield>
    <subfield code="t">1</subfield>
    <subfield code="v">2999.00</subfield>
    <subfield code="w">2009-11-25</subfield>
    <subfield code="y">CF</subfield>
    <subfield code="z">V.3</subfield>
  </datafield>
  <datafield tag="952" ind1=" " ind2=" ">
    <subfield code="0">0</subfield>
    <subfield code="1">0</subfield>
    <subfield code="2">ddc</subfield>
    <subfield code="3">V.3</subfield>
    <subfield code="4">0</subfield>
    <subfield code="7">0</subfield>
    <subfield code="a">VP</subfield>
    <subfield code="b">VP</subfield>
    <subfield code="d">2009-11-25</subfield>
    <subfield code="e">Pioneers/885/29-10-09/325/13-10-09 /06-11-09 </subfield>
    <subfield code="g">2999.00</subfield>
    <subfield code="l">9</subfield>
    <subfield code="o">DVD MAHA</subfield>
    <subfield code="p">DVD-004875</subfield>
    <subfield code="r">2016-11-04 00:00:00</subfield>
    <subfield code="s">2016-10-22</subfield>
    <subfield code="t">1</subfield>
    <subfield code="v">2999.00</subfield>
    <subfield code="w">2009-11-25</subfield>
    <subfield code="y">CF</subfield>
    <subfield code="z">V.3</subfield>
  </datafield>
  <datafield tag="952" ind1=" " ind2=" ">
    <subfield code="0">0</subfield>
    <subfield code="1">0</subfield>
    <subfield code="2">ddc</subfield>
    <subfield code="3">V.3</subfield>
    <subfield code="4">0</subfield>
    <subfield code="7">0</subfield>
    <subfield code="a">BL3</subfield>
    <subfield code="b">BL3</subfield>
    <subfield code="d">2009-11-25</subfield>
    <subfield code="e">Pioneers/885/29-10-09/325/13-10-09 /06-11-09 </subfield>
    <subfield code="g">2999.00</subfield>
    <subfield code="l">13</subfield>
    <subfield code="o">DVD MAHA</subfield>
    <subfield code="p">DVD-004876</subfield>
    <subfield code="r">2015-04-27 00:00:00</subfield>
    <subfield code="s">2014-01-28</subfield>
    <subfield code="t">1</subfield>
    <subfield code="v">2999.00</subfield>
    <subfield code="w">2009-11-25</subfield>
    <subfield code="y">CF</subfield>
    <subfield code="z">V.3</subfield>
  </datafield>
  <datafield tag="952" ind1=" " ind2=" ">
    <subfield code="0">0</subfield>
    <subfield code="1">0</subfield>
    <subfield code="2">ddc</subfield>
    <subfield code="3">V.3</subfield>
    <subfield code="4">0</subfield>
    <subfield code="7">0</subfield>
    <subfield code="a">NR</subfield>
    <subfield code="b">NR</subfield>
    <subfield code="d">2009-11-25</subfield>
    <subfield code="e">Pioneers/885/29-10-09/325/13-10-09 /06-11-09 </subfield>
    <subfield code="g">2999.00</subfield>
    <subfield code="l">3</subfield>
    <subfield code="o">DVD MAHA</subfield>
    <subfield code="p">DVD-004877</subfield>
    <subfield code="r">2014-02-15 00:00:00</subfield>
    <subfield code="s">2014-02-10</subfield>
    <subfield code="t">1</subfield>
    <subfield code="v">2999.00</subfield>
    <subfield code="w">2009-11-25</subfield>
    <subfield code="y">CF</subfield>
    <subfield code="z">V.3</subfield>
  </datafield>
  <datafield tag="952" ind1=" " ind2=" ">
    <subfield code="0">0</subfield>
    <subfield code="1">0</subfield>
    <subfield code="2">ddc</subfield>
    <subfield code="3">V.3</subfield>
    <subfield code="4">0</subfield>
    <subfield code="7">0</subfield>
    <subfield code="a">BL4</subfield>
    <subfield code="b">BL4</subfield>
    <subfield code="d">2009-11-25</subfield>
    <subfield code="e">Pioneers/885/29-10-09/325/13-10-09 /06-11-09 </subfield>
    <subfield code="g">2999.00</subfield>
    <subfield code="l">0</subfield>
    <subfield code="o">DVD MAHA</subfield>
    <subfield code="p">DVD-004878</subfield>
    <subfield code="r">2009-11-25 00:00:00</subfield>
    <subfield code="t">1</subfield>
    <subfield code="v">2999.00</subfield>
    <subfield code="w">2009-11-25</subfield>
    <subfield code="y">CF</subfield>
    <subfield code="z">V.3</subfield>
  </datafield>
  <datafield tag="952" ind1=" " ind2=" ">
    <subfield code="0">0</subfield>
    <subfield code="1">0</subfield>
    <subfield code="2">ddc</subfield>
    <subfield code="3">V.4</subfield>
    <subfield code="4">0</subfield>
    <subfield code="7">0</subfield>
    <subfield code="a">JP</subfield>
    <subfield code="b">JP</subfield>
    <subfield code="d">2009-11-25</subfield>
    <subfield code="e">Pioneers/885/29-10-09/325/13-10-09 /06-11-09 </subfield>
    <subfield code="g">2999.00</subfield>
    <subfield code="l">4</subfield>
    <subfield code="o">DVD MAHA</subfield>
    <subfield code="p">DVD-004879</subfield>
    <subfield code="r">2011-08-24 00:00:00</subfield>
    <subfield code="s">2011-08-12</subfield>
    <subfield code="t">1</subfield>
    <subfield code="v">2999.00</subfield>
    <subfield code="w">2009-11-25</subfield>
    <subfield code="y">CF</subfield>
    <subfield code="z">V.4</subfield>
  </datafield>
  <datafield tag="952" ind1=" " ind2=" ">
    <subfield code="0">0</subfield>
    <subfield code="1">0</subfield>
    <subfield code="2">ddc</subfield>
    <subfield code="3">V.4</subfield>
    <subfield code="4">0</subfield>
    <subfield code="7">0</subfield>
    <subfield code="a">RKP</subfield>
    <subfield code="b">RKP</subfield>
    <subfield code="d">2009-11-25</subfield>
    <subfield code="e">Pioneers/885/29-10-09/325/13-10-09 /06-11-09 </subfield>
    <subfield code="g">2999.00</subfield>
    <subfield code="l">1</subfield>
    <subfield code="o">DVD MAHA</subfield>
    <subfield code="p">DVD-004880</subfield>
    <subfield code="r">2011-12-13 00:00:00</subfield>
    <subfield code="s">2011-12-12</subfield>
    <subfield code="t">1</subfield>
    <subfield code="v">2999.00</subfield>
    <subfield code="w">2009-11-25</subfield>
    <subfield code="y">CF</subfield>
    <subfield code="z">V.4</subfield>
  </datafield>
  <datafield tag="952" ind1=" " ind2=" ">
    <subfield code="0">0</subfield>
    <subfield code="1">0</subfield>
    <subfield code="2">ddc</subfield>
    <subfield code="3">V.4</subfield>
    <subfield code="4">0</subfield>
    <subfield code="7">0</subfield>
    <subfield code="a">VP</subfield>
    <subfield code="b">VP</subfield>
    <subfield code="d">2009-11-25</subfield>
    <subfield code="e">Pioneers/885/29-10-09/325/13-10-09 /06-11-09 </subfield>
    <subfield code="g">2999.00</subfield>
    <subfield code="l">10</subfield>
    <subfield code="o">DVD MAHA</subfield>
    <subfield code="p">DVD-004881</subfield>
    <subfield code="r">2016-11-04 00:00:00</subfield>
    <subfield code="s">2016-10-22</subfield>
    <subfield code="t">1</subfield>
    <subfield code="v">2999.00</subfield>
    <subfield code="w">2009-11-25</subfield>
    <subfield code="y">CF</subfield>
    <subfield code="z">V.4</subfield>
  </datafield>
  <datafield tag="952" ind1=" " ind2=" ">
    <subfield code="0">0</subfield>
    <subfield code="1">0</subfield>
    <subfield code="2">ddc</subfield>
    <subfield code="3">V.4</subfield>
    <subfield code="4">0</subfield>
    <subfield code="7">0</subfield>
    <subfield code="a">BL3</subfield>
    <subfield code="b">BL3</subfield>
    <subfield code="d">2009-11-25</subfield>
    <subfield code="e">Pioneers/885/29-10-09/325/13-10-09 /06-11-09 </subfield>
    <subfield code="g">2999.00</subfield>
    <subfield code="l">11</subfield>
    <subfield code="o">DVD MAHA</subfield>
    <subfield code="p">DVD-004882</subfield>
    <subfield code="r">2014-02-05 00:00:00</subfield>
    <subfield code="s">2014-01-28</subfield>
    <subfield code="t">1</subfield>
    <subfield code="v">2999.00</subfield>
    <subfield code="w">2009-11-25</subfield>
    <subfield code="y">CF</subfield>
    <subfield code="z">V.4</subfield>
  </datafield>
  <datafield tag="952" ind1=" " ind2=" ">
    <subfield code="0">0</subfield>
    <subfield code="1">0</subfield>
    <subfield code="2">ddc</subfield>
    <subfield code="3">V.4</subfield>
    <subfield code="4">0</subfield>
    <subfield code="7">0</subfield>
    <subfield code="a">NR</subfield>
    <subfield code="b">NR</subfield>
    <subfield code="d">2009-11-25</subfield>
    <subfield code="e">Pioneers/885/29-10-09/325/13-10-09 /06-11-09 </subfield>
    <subfield code="g">2999.00</subfield>
    <subfield code="l">4</subfield>
    <subfield code="o">DVD MAHA</subfield>
    <subfield code="p">DVD-004883</subfield>
    <subfield code="r">2014-02-15 00:00:00</subfield>
    <subfield code="s">2014-02-10</subfield>
    <subfield code="t">1</subfield>
    <subfield code="v">2999.00</subfield>
    <subfield code="w">2009-11-25</subfield>
    <subfield code="y">CF</subfield>
    <subfield code="z">V.4</subfield>
  </datafield>
  <datafield tag="952" ind1=" " ind2=" ">
    <subfield code="0">0</subfield>
    <subfield code="1">0</subfield>
    <subfield code="2">ddc</subfield>
    <subfield code="3">V.4</subfield>
    <subfield code="4">0</subfield>
    <subfield code="7">0</subfield>
    <subfield code="a">BL4</subfield>
    <subfield code="b">BL4</subfield>
    <subfield code="d">2009-11-25</subfield>
    <subfield code="e">Pioneers/885/29-10-09/325/13-10-09 /06-11-09 </subfield>
    <subfield code="g">2999.00</subfield>
    <subfield code="l">0</subfield>
    <subfield code="o">DVD MAHA</subfield>
    <subfield code="p">DVD-004884</subfield>
    <subfield code="r">2009-11-25 00:00:00</subfield>
    <subfield code="t">1</subfield>
    <subfield code="v">2999.00</subfield>
    <subfield code="w">2009-11-25</subfield>
    <subfield code="y">CF</subfield>
    <subfield code="z">V.4</subfield>
  </datafield>
  <datafield tag="952" ind1=" " ind2=" ">
    <subfield code="0">0</subfield>
    <subfield code="1">0</subfield>
    <subfield code="2">ddc</subfield>
    <subfield code="3">V.5</subfield>
    <subfield code="4">0</subfield>
    <subfield code="7">0</subfield>
    <subfield code="a">JP</subfield>
    <subfield code="b">JP</subfield>
    <subfield code="d">2009-11-25</subfield>
    <subfield code="e">Pioneers/885/29-10-09/325/13-10-09 /06-11-09 </subfield>
    <subfield code="g">2999.00</subfield>
    <subfield code="l">18</subfield>
    <subfield code="o">DVD MAHA</subfield>
    <subfield code="p">DVD-004885</subfield>
    <subfield code="r">2014-01-17 00:00:00</subfield>
    <subfield code="s">2013-11-30</subfield>
    <subfield code="t">1</subfield>
    <subfield code="v">2999.00</subfield>
    <subfield code="w">2009-11-25</subfield>
    <subfield code="y">CF</subfield>
    <subfield code="z">V.5</subfield>
  </datafield>
  <datafield tag="952" ind1=" " ind2=" ">
    <subfield code="0">0</subfield>
    <subfield code="1">0</subfield>
    <subfield code="2">ddc</subfield>
    <subfield code="3">V.5</subfield>
    <subfield code="4">0</subfield>
    <subfield code="7">0</subfield>
    <subfield code="a">RKP</subfield>
    <subfield code="b">RKP</subfield>
    <subfield code="d">2009-11-25</subfield>
    <subfield code="e">Pioneers/885/29-10-09/325/13-10-09 /06-11-09 </subfield>
    <subfield code="g">2999.00</subfield>
    <subfield code="l">1</subfield>
    <subfield code="o">DVD MAHA</subfield>
    <subfield code="p">DVD-004886</subfield>
    <subfield code="r">2011-12-19 00:00:00</subfield>
    <subfield code="s">2011-12-13</subfield>
    <subfield code="t">1</subfield>
    <subfield code="v">2999.00</subfield>
    <subfield code="w">2009-11-25</subfield>
    <subfield code="y">CF</subfield>
    <subfield code="z">V.5</subfield>
  </datafield>
  <datafield tag="952" ind1=" " ind2=" ">
    <subfield code="0">0</subfield>
    <subfield code="1">0</subfield>
    <subfield code="2">ddc</subfield>
    <subfield code="3">V.5</subfield>
    <subfield code="4">0</subfield>
    <subfield code="7">0</subfield>
    <subfield code="a">VP</subfield>
    <subfield code="b">VP</subfield>
    <subfield code="d">2009-11-25</subfield>
    <subfield code="e">Pioneers/885/29-10-09/325/13-10-09 /06-11-09 </subfield>
    <subfield code="g">2999.00</subfield>
    <subfield code="l">8</subfield>
    <subfield code="o">DVD MAHA</subfield>
    <subfield code="p">DVD-004887</subfield>
    <subfield code="r">2015-03-30 00:00:00</subfield>
    <subfield code="s">2015-03-12</subfield>
    <subfield code="t">1</subfield>
    <subfield code="v">2999.00</subfield>
    <subfield code="w">2009-11-25</subfield>
    <subfield code="y">CF</subfield>
    <subfield code="z">V.5</subfield>
  </datafield>
  <datafield tag="952" ind1=" " ind2=" ">
    <subfield code="0">0</subfield>
    <subfield code="1">0</subfield>
    <subfield code="2">ddc</subfield>
    <subfield code="3">V.5</subfield>
    <subfield code="4">0</subfield>
    <subfield code="7">0</subfield>
    <subfield code="a">BL3</subfield>
    <subfield code="b">BL3</subfield>
    <subfield code="d">2009-11-25</subfield>
    <subfield code="e">Pioneers/885/29-10-09/325/13-10-09 /06-11-09 </subfield>
    <subfield code="g">2999.00</subfield>
    <subfield code="l">8</subfield>
    <subfield code="o">DVD MAHA</subfield>
    <subfield code="p">DVD-004888</subfield>
    <subfield code="r">2014-02-17 00:00:00</subfield>
    <subfield code="s">2014-02-05</subfield>
    <subfield code="t">1</subfield>
    <subfield code="v">2999.00</subfield>
    <subfield code="w">2009-11-25</subfield>
    <subfield code="y">CF</subfield>
    <subfield code="z">V.5</subfield>
  </datafield>
  <datafield tag="952" ind1=" " ind2=" ">
    <subfield code="0">0</subfield>
    <subfield code="1">0</subfield>
    <subfield code="2">ddc</subfield>
    <subfield code="3">V.5</subfield>
    <subfield code="4">0</subfield>
    <subfield code="7">0</subfield>
    <subfield code="a">NR</subfield>
    <subfield code="b">NR</subfield>
    <subfield code="d">2009-11-25</subfield>
    <subfield code="e">Pioneers/885/29-10-09/325/13-10-09 /06-11-09 </subfield>
    <subfield code="g">2999.00</subfield>
    <subfield code="l">4</subfield>
    <subfield code="o">DVD MAHA</subfield>
    <subfield code="p">DVD-004889</subfield>
    <subfield code="r">2014-02-20 00:00:00</subfield>
    <subfield code="s">2014-02-15</subfield>
    <subfield code="t">1</subfield>
    <subfield code="v">2999.00</subfield>
    <subfield code="w">2009-11-25</subfield>
    <subfield code="y">CF</subfield>
    <subfield code="z">V.5</subfield>
  </datafield>
  <datafield tag="952" ind1=" " ind2=" ">
    <subfield code="0">0</subfield>
    <subfield code="1">0</subfield>
    <subfield code="2">ddc</subfield>
    <subfield code="3">V.5</subfield>
    <subfield code="4">0</subfield>
    <subfield code="7">0</subfield>
    <subfield code="a">BL4</subfield>
    <subfield code="b">BL4</subfield>
    <subfield code="d">2009-11-25</subfield>
    <subfield code="e">Pioneers/885/29-10-09/325/13-10-09 /06-11-09 </subfield>
    <subfield code="g">2999.00</subfield>
    <subfield code="l">0</subfield>
    <subfield code="o">DVD MAHA</subfield>
    <subfield code="p">DVD-004890</subfield>
    <subfield code="r">2009-11-25 00:00:00</subfield>
    <subfield code="t">1</subfield>
    <subfield code="v">2999.00</subfield>
    <subfield code="w">2009-11-25</subfield>
    <subfield code="y">CF</subfield>
    <subfield code="z">V.5</subfield>
  </datafield>
  <datafield tag="952" ind1=" " ind2=" ">
    <subfield code="0">0</subfield>
    <subfield code="1">0</subfield>
    <subfield code="2">ddc</subfield>
    <subfield code="3">V.6</subfield>
    <subfield code="4">0</subfield>
    <subfield code="7">0</subfield>
    <subfield code="a">JP</subfield>
    <subfield code="b">JP</subfield>
    <subfield code="d">2009-11-25</subfield>
    <subfield code="e">Pioneers/885/29-10-09/325/13-10-09 /06-11-09 </subfield>
    <subfield code="g">2999.00</subfield>
    <subfield code="l">19</subfield>
    <subfield code="m">1</subfield>
    <subfield code="o">DVD MAHA</subfield>
    <subfield code="p">DVD-004891</subfield>
    <subfield code="r">2014-01-17 00:00:00</subfield>
    <subfield code="s">2013-11-30</subfield>
    <subfield code="t">1</subfield>
    <subfield code="v">2999.00</subfield>
    <subfield code="w">2009-11-25</subfield>
    <subfield code="y">CF</subfield>
    <subfield code="z">V.6</subfield>
  </datafield>
  <datafield tag="952" ind1=" " ind2=" ">
    <subfield code="0">0</subfield>
    <subfield code="1">0</subfield>
    <subfield code="2">ddc</subfield>
    <subfield code="3">V.6</subfield>
    <subfield code="4">0</subfield>
    <subfield code="7">0</subfield>
    <subfield code="a">RKP</subfield>
    <subfield code="b">RKP</subfield>
    <subfield code="d">2009-11-25</subfield>
    <subfield code="e">Pioneers/885/29-10-09/325/13-10-09 /06-11-09 </subfield>
    <subfield code="g">2999.00</subfield>
    <subfield code="l">1</subfield>
    <subfield code="o">DVD MAHA</subfield>
    <subfield code="p">DVD-004892</subfield>
    <subfield code="r">2012-01-05 00:00:00</subfield>
    <subfield code="s">2011-12-31</subfield>
    <subfield code="t">1</subfield>
    <subfield code="v">2999.00</subfield>
    <subfield code="w">2009-11-25</subfield>
    <subfield code="y">CF</subfield>
    <subfield code="z">V.6</subfield>
  </datafield>
  <datafield tag="952" ind1=" " ind2=" ">
    <subfield code="0">0</subfield>
    <subfield code="1">0</subfield>
    <subfield code="2">ddc</subfield>
    <subfield code="3">V.6</subfield>
    <subfield code="4">0</subfield>
    <subfield code="7">0</subfield>
    <subfield code="a">VP</subfield>
    <subfield code="b">VP</subfield>
    <subfield code="d">2009-11-25</subfield>
    <subfield code="e">Pioneers/885/29-10-09/325/13-10-09 /06-11-09 </subfield>
    <subfield code="g">2999.00</subfield>
    <subfield code="l">8</subfield>
    <subfield code="o">DVD MAHA</subfield>
    <subfield code="p">DVD-004893</subfield>
    <subfield code="r">2013-03-06 00:00:00</subfield>
    <subfield code="s">2013-03-05</subfield>
    <subfield code="t">1</subfield>
    <subfield code="v">2999.00</subfield>
    <subfield code="w">2009-11-25</subfield>
    <subfield code="y">CF</subfield>
    <subfield code="z">V.6</subfield>
  </datafield>
  <datafield tag="952" ind1=" " ind2=" ">
    <subfield code="0">0</subfield>
    <subfield code="1">0</subfield>
    <subfield code="2">ddc</subfield>
    <subfield code="3">V.6</subfield>
    <subfield code="4">0</subfield>
    <subfield code="7">0</subfield>
    <subfield code="a">BL3</subfield>
    <subfield code="b">BL3</subfield>
    <subfield code="d">2009-11-25</subfield>
    <subfield code="e">Pioneers/885/29-10-09/325/13-10-09 /06-11-09 </subfield>
    <subfield code="g">2999.00</subfield>
    <subfield code="l">7</subfield>
    <subfield code="o">DVD MAHA</subfield>
    <subfield code="p">DVD-004894</subfield>
    <subfield code="r">2014-02-17 00:00:00</subfield>
    <subfield code="s">2014-02-05</subfield>
    <subfield code="t">1</subfield>
    <subfield code="v">2999.00</subfield>
    <subfield code="w">2009-11-25</subfield>
    <subfield code="y">CF</subfield>
    <subfield code="z">V.6</subfield>
  </datafield>
  <datafield tag="952" ind1=" " ind2=" ">
    <subfield code="0">0</subfield>
    <subfield code="1">0</subfield>
    <subfield code="2">ddc</subfield>
    <subfield code="3">V.6</subfield>
    <subfield code="4">0</subfield>
    <subfield code="7">0</subfield>
    <subfield code="a">NR</subfield>
    <subfield code="b">NR</subfield>
    <subfield code="d">2009-11-25</subfield>
    <subfield code="e">Pioneers/885/29-10-09/325/13-10-09 /06-11-09 </subfield>
    <subfield code="g">2999.00</subfield>
    <subfield code="l">4</subfield>
    <subfield code="o">DVD MAHA</subfield>
    <subfield code="p">DVD-004895</subfield>
    <subfield code="r">2014-02-20 00:00:00</subfield>
    <subfield code="s">2014-02-15</subfield>
    <subfield code="t">1</subfield>
    <subfield code="v">2999.00</subfield>
    <subfield code="w">2009-11-25</subfield>
    <subfield code="y">CF</subfield>
    <subfield code="z">V.6</subfield>
  </datafield>
  <datafield tag="952" ind1=" " ind2=" ">
    <subfield code="0">0</subfield>
    <subfield code="1">0</subfield>
    <subfield code="2">ddc</subfield>
    <subfield code="3">V.6</subfield>
    <subfield code="4">0</subfield>
    <subfield code="7">0</subfield>
    <subfield code="a">BL4</subfield>
    <subfield code="b">BL4</subfield>
    <subfield code="d">2009-11-25</subfield>
    <subfield code="e">Pioneers/885/29-10-09/325/13-10-09 /06-11-09 </subfield>
    <subfield code="g">2999.00</subfield>
    <subfield code="l">0</subfield>
    <subfield code="o">DVD MAHA</subfield>
    <subfield code="p">DVD-004896</subfield>
    <subfield code="r">2009-11-25 00:00:00</subfield>
    <subfield code="t">1</subfield>
    <subfield code="v">2999.00</subfield>
    <subfield code="w">2009-11-25</subfield>
    <subfield code="y">CF</subfield>
    <subfield code="z">V.6</subfield>
  </datafield>
  <datafield tag="952" ind1=" " ind2=" ">
    <subfield code="0">0</subfield>
    <subfield code="1">0</subfield>
    <subfield code="2">ddc</subfield>
    <subfield code="3">V.7</subfield>
    <subfield code="4">0</subfield>
    <subfield code="7">0</subfield>
    <subfield code="a">JP</subfield>
    <subfield code="b">JP</subfield>
    <subfield code="d">2009-11-25</subfield>
    <subfield code="e">Pioneers/885/29-10-09/325/13-10-09 /06-11-09 </subfield>
    <subfield code="g">2999.00</subfield>
    <subfield code="l">26</subfield>
    <subfield code="m">1</subfield>
    <subfield code="o">DVD MAHA</subfield>
    <subfield code="p">DVD-004897</subfield>
    <subfield code="r">2013-11-28 00:00:00</subfield>
    <subfield code="s">2013-11-14</subfield>
    <subfield code="t">1</subfield>
    <subfield code="v">2999.00</subfield>
    <subfield code="w">2009-11-25</subfield>
    <subfield code="y">CF</subfield>
    <subfield code="z">V.7</subfield>
  </datafield>
  <datafield tag="952" ind1=" " ind2=" ">
    <subfield code="0">0</subfield>
    <subfield code="1">0</subfield>
    <subfield code="2">ddc</subfield>
    <subfield code="3">V.7</subfield>
    <subfield code="4">0</subfield>
    <subfield code="7">0</subfield>
    <subfield code="a">RKP</subfield>
    <subfield code="b">RKP</subfield>
    <subfield code="d">2009-11-25</subfield>
    <subfield code="e">Pioneers/885/29-10-09/325/13-10-09 /06-11-09 </subfield>
    <subfield code="g">2999.00</subfield>
    <subfield code="l">2</subfield>
    <subfield code="o">DVD MAHA</subfield>
    <subfield code="p">DVD-004898</subfield>
    <subfield code="r">2013-04-03 00:00:00</subfield>
    <subfield code="s">2013-03-23</subfield>
    <subfield code="t">1</subfield>
    <subfield code="v">2999.00</subfield>
    <subfield code="w">2009-11-25</subfield>
    <subfield code="y">CF</subfield>
    <subfield code="z">V.7</subfield>
  </datafield>
  <datafield tag="952" ind1=" " ind2=" ">
    <subfield code="0">0</subfield>
    <subfield code="1">0</subfield>
    <subfield code="2">ddc</subfield>
    <subfield code="3">V.7</subfield>
    <subfield code="4">0</subfield>
    <subfield code="7">0</subfield>
    <subfield code="a">VP</subfield>
    <subfield code="b">VP</subfield>
    <subfield code="d">2009-11-25</subfield>
    <subfield code="e">Pioneers/885/29-10-09/325/13-10-09 /06-11-09 </subfield>
    <subfield code="g">2999.00</subfield>
    <subfield code="l">8</subfield>
    <subfield code="o">DVD MAHA</subfield>
    <subfield code="p">DVD-004899</subfield>
    <subfield code="r">2015-04-06 00:00:00</subfield>
    <subfield code="s">2015-04-01</subfield>
    <subfield code="t">1</subfield>
    <subfield code="v">2999.00</subfield>
    <subfield code="w">2009-11-25</subfield>
    <subfield code="y">CF</subfield>
    <subfield code="z">V.7</subfield>
  </datafield>
  <datafield tag="952" ind1=" " ind2=" ">
    <subfield code="0">0</subfield>
    <subfield code="1">0</subfield>
    <subfield code="2">ddc</subfield>
    <subfield code="3">V.7</subfield>
    <subfield code="4">0</subfield>
    <subfield code="7">0</subfield>
    <subfield code="a">BL3</subfield>
    <subfield code="b">BL3</subfield>
    <subfield code="d">2009-11-25</subfield>
    <subfield code="e">Pioneers/885/29-10-09/325/13-10-09 /06-11-09 </subfield>
    <subfield code="g">2999.00</subfield>
    <subfield code="l">15</subfield>
    <subfield code="o">DVD MAHA</subfield>
    <subfield code="p">DVD-004900</subfield>
    <subfield code="r">2014-02-26 00:00:00</subfield>
    <subfield code="s">2014-02-17</subfield>
    <subfield code="t">1</subfield>
    <subfield code="v">2999.00</subfield>
    <subfield code="w">2009-11-25</subfield>
    <subfield code="y">CF</subfield>
    <subfield code="z">V.7</subfield>
  </datafield>
  <datafield tag="952" ind1=" " ind2=" ">
    <subfield code="0">0</subfield>
    <subfield code="1">0</subfield>
    <subfield code="2">ddc</subfield>
    <subfield code="3">V.7</subfield>
    <subfield code="4">0</subfield>
    <subfield code="7">0</subfield>
    <subfield code="a">NR</subfield>
    <subfield code="b">NR</subfield>
    <subfield code="d">2009-11-25</subfield>
    <subfield code="e">Pioneers/885/29-10-09/325/13-10-09 /06-11-09 </subfield>
    <subfield code="g">2999.00</subfield>
    <subfield code="l">3</subfield>
    <subfield code="o">DVD MAHA</subfield>
    <subfield code="p">DVD-004901</subfield>
    <subfield code="r">2014-02-06 00:00:00</subfield>
    <subfield code="s">2014-01-30</subfield>
    <subfield code="t">1</subfield>
    <subfield code="v">2999.00</subfield>
    <subfield code="w">2009-11-25</subfield>
    <subfield code="y">CF</subfield>
    <subfield code="z">V.7</subfield>
  </datafield>
  <datafield tag="952" ind1=" " ind2=" ">
    <subfield code="0">0</subfield>
    <subfield code="1">0</subfield>
    <subfield code="2">ddc</subfield>
    <subfield code="3">V.7</subfield>
    <subfield code="4">0</subfield>
    <subfield code="7">0</subfield>
    <subfield code="a">BL4</subfield>
    <subfield code="b">BL4</subfield>
    <subfield code="d">2009-11-25</subfield>
    <subfield code="e">Pioneers/885/29-10-09/325/13-10-09 /06-11-09 </subfield>
    <subfield code="g">2999.00</subfield>
    <subfield code="l">1</subfield>
    <subfield code="o">DVD MAHA</subfield>
    <subfield code="p">DVD-004902</subfield>
    <subfield code="r">2013-04-20 00:00:00</subfield>
    <subfield code="s">2013-04-17</subfield>
    <subfield code="t">1</subfield>
    <subfield code="v">2999.00</subfield>
    <subfield code="w">2009-11-25</subfield>
    <subfield code="y">CF</subfield>
    <subfield code="z">V.7</subfield>
  </datafield>
  <datafield tag="952" ind1=" " ind2=" ">
    <subfield code="0">0</subfield>
    <subfield code="1">0</subfield>
    <subfield code="2">ddc</subfield>
    <subfield code="3">V.8</subfield>
    <subfield code="4">0</subfield>
    <subfield code="7">0</subfield>
    <subfield code="a">JP</subfield>
    <subfield code="b">JP</subfield>
    <subfield code="d">2009-11-25</subfield>
    <subfield code="e">Pioneers/885/29-10-09/325/13-10-09 /06-11-09 </subfield>
    <subfield code="g">2999.00</subfield>
    <subfield code="l">13</subfield>
    <subfield code="o">DVD MAHA</subfield>
    <subfield code="p">DVD-004903</subfield>
    <subfield code="r">2013-11-06 00:00:00</subfield>
    <subfield code="s">2013-10-14</subfield>
    <subfield code="t">1</subfield>
    <subfield code="v">2999.00</subfield>
    <subfield code="w">2009-11-25</subfield>
    <subfield code="y">CF</subfield>
    <subfield code="z">V.8</subfield>
  </datafield>
  <datafield tag="952" ind1=" " ind2=" ">
    <subfield code="0">0</subfield>
    <subfield code="1">0</subfield>
    <subfield code="2">ddc</subfield>
    <subfield code="3">V.8</subfield>
    <subfield code="4">0</subfield>
    <subfield code="7">0</subfield>
    <subfield code="a">RKP</subfield>
    <subfield code="b">RKP</subfield>
    <subfield code="d">2009-11-25</subfield>
    <subfield code="e">Pioneers/885/29-10-09/325/13-10-09 /06-11-09 </subfield>
    <subfield code="g">2999.00</subfield>
    <subfield code="l">1</subfield>
    <subfield code="o">DVD MAHA</subfield>
    <subfield code="p">DVD-004904</subfield>
    <subfield code="r">2012-02-10 00:00:00</subfield>
    <subfield code="s">2012-02-09</subfield>
    <subfield code="t">1</subfield>
    <subfield code="v">2999.00</subfield>
    <subfield code="w">2009-11-25</subfield>
    <subfield code="y">CF</subfield>
    <subfield code="z">V.8</subfield>
  </datafield>
  <datafield tag="952" ind1=" " ind2=" ">
    <subfield code="0">0</subfield>
    <subfield code="1">0</subfield>
    <subfield code="2">ddc</subfield>
    <subfield code="3">V.8</subfield>
    <subfield code="4">0</subfield>
    <subfield code="7">0</subfield>
    <subfield code="a">VP</subfield>
    <subfield code="b">VP</subfield>
    <subfield code="d">2009-11-25</subfield>
    <subfield code="e">Pioneers/885/29-10-09/325/13-10-09 /06-11-09 </subfield>
    <subfield code="g">2999.00</subfield>
    <subfield code="l">8</subfield>
    <subfield code="o">DVD MAHA</subfield>
    <subfield code="p">DVD-004905</subfield>
    <subfield code="r">2015-04-06 00:00:00</subfield>
    <subfield code="s">2015-04-01</subfield>
    <subfield code="t">1</subfield>
    <subfield code="v">2999.00</subfield>
    <subfield code="w">2009-11-25</subfield>
    <subfield code="y">CF</subfield>
    <subfield code="z">V.8</subfield>
  </datafield>
  <datafield tag="952" ind1=" " ind2=" ">
    <subfield code="0">0</subfield>
    <subfield code="1">0</subfield>
    <subfield code="2">ddc</subfield>
    <subfield code="3">V.8</subfield>
    <subfield code="4">0</subfield>
    <subfield code="7">0</subfield>
    <subfield code="a">BL3</subfield>
    <subfield code="b">BL3</subfield>
    <subfield code="d">2009-11-25</subfield>
    <subfield code="e">Pioneers/885/29-10-09/325/13-10-09 /06-11-09 </subfield>
    <subfield code="g">2999.00</subfield>
    <subfield code="l">14</subfield>
    <subfield code="o">DVD MAHA</subfield>
    <subfield code="p">DVD-004906</subfield>
    <subfield code="r">2014-02-26 00:00:00</subfield>
    <subfield code="s">2014-02-17</subfield>
    <subfield code="t">1</subfield>
    <subfield code="v">2999.00</subfield>
    <subfield code="w">2009-11-25</subfield>
    <subfield code="y">CF</subfield>
    <subfield code="z">V.8</subfield>
  </datafield>
  <datafield tag="952" ind1=" " ind2=" ">
    <subfield code="0">0</subfield>
    <subfield code="1">0</subfield>
    <subfield code="2">ddc</subfield>
    <subfield code="3">V.8</subfield>
    <subfield code="4">0</subfield>
    <subfield code="7">0</subfield>
    <subfield code="a">NR</subfield>
    <subfield code="b">NR</subfield>
    <subfield code="d">2009-11-25</subfield>
    <subfield code="e">Pioneers/885/29-10-09/325/13-10-09 /06-11-09 </subfield>
    <subfield code="g">2999.00</subfield>
    <subfield code="l">3</subfield>
    <subfield code="o">DVD MAHA</subfield>
    <subfield code="p">DVD-004907</subfield>
    <subfield code="r">2014-02-06 00:00:00</subfield>
    <subfield code="s">2014-01-30</subfield>
    <subfield code="t">1</subfield>
    <subfield code="v">2999.00</subfield>
    <subfield code="w">2009-11-25</subfield>
    <subfield code="y">CF</subfield>
    <subfield code="z">V.8</subfield>
  </datafield>
  <datafield tag="952" ind1=" " ind2=" ">
    <subfield code="0">0</subfield>
    <subfield code="1">0</subfield>
    <subfield code="2">ddc</subfield>
    <subfield code="3">V.8</subfield>
    <subfield code="4">0</subfield>
    <subfield code="7">0</subfield>
    <subfield code="a">BL4</subfield>
    <subfield code="b">BL4</subfield>
    <subfield code="d">2009-11-25</subfield>
    <subfield code="e">Pioneers/885/29-10-09/325/13-10-09 /06-11-09 </subfield>
    <subfield code="g">2999.00</subfield>
    <subfield code="l">0</subfield>
    <subfield code="o">DVD MAHA</subfield>
    <subfield code="p">DVD-004908</subfield>
    <subfield code="r">2009-11-25 00:00:00</subfield>
    <subfield code="t">1</subfield>
    <subfield code="v">2999.00</subfield>
    <subfield code="w">2009-11-25</subfield>
    <subfield code="y">CF</subfield>
    <subfield code="z">V.8</subfield>
  </datafield>
  <datafield tag="952" ind1=" " ind2=" ">
    <subfield code="0">0</subfield>
    <subfield code="1">0</subfield>
    <subfield code="2">ddc</subfield>
    <subfield code="3">V.9</subfield>
    <subfield code="4">0</subfield>
    <subfield code="7">0</subfield>
    <subfield code="a">JP</subfield>
    <subfield code="b">JP</subfield>
    <subfield code="d">2009-11-25</subfield>
    <subfield code="e">Pioneers/885/29-10-09/325/13-10-09 /06-11-09 </subfield>
    <subfield code="g">2999.00</subfield>
    <subfield code="l">13</subfield>
    <subfield code="m">1</subfield>
    <subfield code="o">DVD MAHA</subfield>
    <subfield code="p">DVD-004909</subfield>
    <subfield code="r">2013-12-19 00:00:00</subfield>
    <subfield code="s">2013-11-28</subfield>
    <subfield code="t">1</subfield>
    <subfield code="v">2999.00</subfield>
    <subfield code="w">2009-11-25</subfield>
    <subfield code="y">CF</subfield>
    <subfield code="z">V.9</subfield>
  </datafield>
  <datafield tag="952" ind1=" " ind2=" ">
    <subfield code="0">0</subfield>
    <subfield code="1">0</subfield>
    <subfield code="2">ddc</subfield>
    <subfield code="3">V.9</subfield>
    <subfield code="4">0</subfield>
    <subfield code="7">0</subfield>
    <subfield code="a">RKP</subfield>
    <subfield code="b">RKP</subfield>
    <subfield code="d">2009-11-25</subfield>
    <subfield code="e">Pioneers/885/29-10-09/325/13-10-09 /06-11-09 </subfield>
    <subfield code="g">2999.00</subfield>
    <subfield code="l">1</subfield>
    <subfield code="o">DVD MAHA</subfield>
    <subfield code="p">DVD-004910</subfield>
    <subfield code="r">2012-02-11 00:00:00</subfield>
    <subfield code="s">2012-02-10</subfield>
    <subfield code="t">1</subfield>
    <subfield code="v">2999.00</subfield>
    <subfield code="w">2009-11-25</subfield>
    <subfield code="y">CF</subfield>
    <subfield code="z">V.9</subfield>
  </datafield>
  <datafield tag="952" ind1=" " ind2=" ">
    <subfield code="0">0</subfield>
    <subfield code="1">0</subfield>
    <subfield code="2">ddc</subfield>
    <subfield code="3">V.9</subfield>
    <subfield code="4">0</subfield>
    <subfield code="7">0</subfield>
    <subfield code="a">VP</subfield>
    <subfield code="b">VP</subfield>
    <subfield code="d">2009-11-25</subfield>
    <subfield code="e">Pioneers/885/29-10-09/325/13-10-09 /06-11-09 </subfield>
    <subfield code="g">2999.00</subfield>
    <subfield code="l">7</subfield>
    <subfield code="o">DVD MAHA</subfield>
    <subfield code="p">DVD-004911</subfield>
    <subfield code="r">2014-04-24 00:00:00</subfield>
    <subfield code="s">2013-03-09</subfield>
    <subfield code="t">1</subfield>
    <subfield code="v">2999.00</subfield>
    <subfield code="w">2009-11-25</subfield>
    <subfield code="y">CF</subfield>
    <subfield code="z">V.9</subfield>
  </datafield>
  <datafield tag="952" ind1=" " ind2=" ">
    <subfield code="0">0</subfield>
    <subfield code="1">0</subfield>
    <subfield code="2">ddc</subfield>
    <subfield code="3">V.9</subfield>
    <subfield code="4">0</subfield>
    <subfield code="7">0</subfield>
    <subfield code="a">BL3</subfield>
    <subfield code="b">BL3</subfield>
    <subfield code="d">2009-11-25</subfield>
    <subfield code="e">Pioneers/885/29-10-09/325/13-10-09 /06-11-09 </subfield>
    <subfield code="g">2999.00</subfield>
    <subfield code="l">10</subfield>
    <subfield code="o">DVD MAHA</subfield>
    <subfield code="p">DVD-004912</subfield>
    <subfield code="r">2014-03-07 00:00:00</subfield>
    <subfield code="s">2014-02-26</subfield>
    <subfield code="t">1</subfield>
    <subfield code="v">2999.00</subfield>
    <subfield code="w">2009-11-25</subfield>
    <subfield code="y">CF</subfield>
    <subfield code="z">V.9</subfield>
  </datafield>
  <datafield tag="952" ind1=" " ind2=" ">
    <subfield code="0">0</subfield>
    <subfield code="1">0</subfield>
    <subfield code="2">ddc</subfield>
    <subfield code="3">V.9</subfield>
    <subfield code="4">0</subfield>
    <subfield code="7">0</subfield>
    <subfield code="a">NR</subfield>
    <subfield code="b">NR</subfield>
    <subfield code="d">2009-11-25</subfield>
    <subfield code="e">Pioneers/885/29-10-09/325/13-10-09 /06-11-09 </subfield>
    <subfield code="g">2999.00</subfield>
    <subfield code="l">5</subfield>
    <subfield code="o">DVD MAHA</subfield>
    <subfield code="p">DVD-004913</subfield>
    <subfield code="r">2014-02-21 00:00:00</subfield>
    <subfield code="s">2014-02-20</subfield>
    <subfield code="t">1</subfield>
    <subfield code="v">2999.00</subfield>
    <subfield code="w">2009-11-25</subfield>
    <subfield code="y">CF</subfield>
    <subfield code="z">V.9</subfield>
  </datafield>
  <datafield tag="952" ind1=" " ind2=" ">
    <subfield code="0">0</subfield>
    <subfield code="1">0</subfield>
    <subfield code="2">ddc</subfield>
    <subfield code="3">V.9</subfield>
    <subfield code="4">0</subfield>
    <subfield code="7">0</subfield>
    <subfield code="a">BL4</subfield>
    <subfield code="b">BL4</subfield>
    <subfield code="d">2009-11-25</subfield>
    <subfield code="e">Pioneers/885/29-10-09/325/13-10-09 /06-11-09 </subfield>
    <subfield code="g">2999.00</subfield>
    <subfield code="l">0</subfield>
    <subfield code="o">DVD MAHA</subfield>
    <subfield code="p">DVD-004914</subfield>
    <subfield code="r">2009-11-25 00:00:00</subfield>
    <subfield code="t">1</subfield>
    <subfield code="v">2999.00</subfield>
    <subfield code="w">2009-11-25</subfield>
    <subfield code="y">CF</subfield>
    <subfield code="z">V.9</subfield>
  </datafield>
  <datafield tag="952" ind1=" " ind2=" ">
    <subfield code="0">0</subfield>
    <subfield code="1">0</subfield>
    <subfield code="2">ddc</subfield>
    <subfield code="3">V.10</subfield>
    <subfield code="4">0</subfield>
    <subfield code="7">0</subfield>
    <subfield code="a">BL4</subfield>
    <subfield code="b">BL4</subfield>
    <subfield code="d">2009-11-25</subfield>
    <subfield code="e">Pioneers/885/29-10-09/325/13-10-09 /06-11-09 </subfield>
    <subfield code="g">2999.00</subfield>
    <subfield code="l">0</subfield>
    <subfield code="o">DVD MAHA</subfield>
    <subfield code="p">DVD-004920</subfield>
    <subfield code="r">2009-11-25 00:00:00</subfield>
    <subfield code="t">1</subfield>
    <subfield code="v">2999.00</subfield>
    <subfield code="w">2009-11-25</subfield>
    <subfield code="y">CF</subfield>
    <subfield code="z">V.10</subfield>
  </datafield>
  <datafield tag="952" ind1=" " ind2=" ">
    <subfield code="0">0</subfield>
    <subfield code="1">0</subfield>
    <subfield code="2">ddc</subfield>
    <subfield code="3">V.10</subfield>
    <subfield code="4">0</subfield>
    <subfield code="7">0</subfield>
    <subfield code="a">RKP</subfield>
    <subfield code="b">RKP</subfield>
    <subfield code="d">2009-11-25</subfield>
    <subfield code="e">Pioneers/885/29-10-09/325/13-10-09 /06-11-09 </subfield>
    <subfield code="g">2999.00</subfield>
    <subfield code="l">1</subfield>
    <subfield code="o">DVD MAHA</subfield>
    <subfield code="p">DVD-004916</subfield>
    <subfield code="r">2012-02-11 00:00:00</subfield>
    <subfield code="s">2012-02-10</subfield>
    <subfield code="t">1</subfield>
    <subfield code="v">2999.00</subfield>
    <subfield code="w">2009-11-25</subfield>
    <subfield code="y">CF</subfield>
    <subfield code="z">V.10</subfield>
  </datafield>
  <datafield tag="952" ind1=" " ind2=" ">
    <subfield code="0">0</subfield>
    <subfield code="1">0</subfield>
    <subfield code="2">ddc</subfield>
    <subfield code="3">V.10</subfield>
    <subfield code="4">0</subfield>
    <subfield code="7">0</subfield>
    <subfield code="a">VP</subfield>
    <subfield code="b">VP</subfield>
    <subfield code="d">2009-11-25</subfield>
    <subfield code="e">Pioneers/885/29-10-09/325/13-10-09 /06-11-09 </subfield>
    <subfield code="g">2999.00</subfield>
    <subfield code="l">8</subfield>
    <subfield code="o">DVD MAHA</subfield>
    <subfield code="p">DVD-004917</subfield>
    <subfield code="r">2015-04-22 00:00:00</subfield>
    <subfield code="s">2015-04-06</subfield>
    <subfield code="t">1</subfield>
    <subfield code="v">2999.00</subfield>
    <subfield code="w">2009-11-25</subfield>
    <subfield code="y">CF</subfield>
    <subfield code="z">V.10</subfield>
  </datafield>
  <datafield tag="952" ind1=" " ind2=" ">
    <subfield code="0">0</subfield>
    <subfield code="1">0</subfield>
    <subfield code="2">ddc</subfield>
    <subfield code="3">V.10</subfield>
    <subfield code="4">0</subfield>
    <subfield code="7">0</subfield>
    <subfield code="a">BL3</subfield>
    <subfield code="b">BL3</subfield>
    <subfield code="d">2009-11-25</subfield>
    <subfield code="e">Pioneers/885/29-10-09/325/13-10-09 /06-11-09 </subfield>
    <subfield code="g">2999.00</subfield>
    <subfield code="l">11</subfield>
    <subfield code="o">DVD MAHA</subfield>
    <subfield code="p">DVD-004918</subfield>
    <subfield code="r">2014-03-07 00:00:00</subfield>
    <subfield code="s">2014-02-26</subfield>
    <subfield code="t">1</subfield>
    <subfield code="v">2999.00</subfield>
    <subfield code="w">2009-11-25</subfield>
    <subfield code="y">CF</subfield>
    <subfield code="z">V.10</subfield>
  </datafield>
  <datafield tag="952" ind1=" " ind2=" ">
    <subfield code="0">0</subfield>
    <subfield code="1">0</subfield>
    <subfield code="2">ddc</subfield>
    <subfield code="3">V.10</subfield>
    <subfield code="4">0</subfield>
    <subfield code="7">0</subfield>
    <subfield code="a">NR</subfield>
    <subfield code="b">NR</subfield>
    <subfield code="d">2009-11-25</subfield>
    <subfield code="e">Pioneers/885/29-10-09/325/13-10-09 /06-11-09 </subfield>
    <subfield code="g">2999.00</subfield>
    <subfield code="l">5</subfield>
    <subfield code="o">DVD MAHA</subfield>
    <subfield code="p">DVD-004919</subfield>
    <subfield code="r">2014-02-21 00:00:00</subfield>
    <subfield code="s">2014-02-20</subfield>
    <subfield code="t">1</subfield>
    <subfield code="v">2999.00</subfield>
    <subfield code="w">2009-11-25</subfield>
    <subfield code="y">CF</subfield>
    <subfield code="z">V.10</subfield>
  </datafield>
  <datafield tag="952" ind1=" " ind2=" ">
    <subfield code="0">0</subfield>
    <subfield code="1">0</subfield>
    <subfield code="2">ddc</subfield>
    <subfield code="3">V.11</subfield>
    <subfield code="4">0</subfield>
    <subfield code="7">0</subfield>
    <subfield code="a">JP</subfield>
    <subfield code="b">JP</subfield>
    <subfield code="d">2009-11-25</subfield>
    <subfield code="e">Pioneers/885/29-10-09/325/13-10-09 /06-11-09 </subfield>
    <subfield code="g">2999.00</subfield>
    <subfield code="l">16</subfield>
    <subfield code="o">DVD MAHA</subfield>
    <subfield code="p">DVD-004921</subfield>
    <subfield code="r">2014-05-05 00:00:00</subfield>
    <subfield code="s">2014-04-24</subfield>
    <subfield code="t">1</subfield>
    <subfield code="v">2999.00</subfield>
    <subfield code="w">2009-11-25</subfield>
    <subfield code="y">CF</subfield>
    <subfield code="z">V.11</subfield>
  </datafield>
  <datafield tag="952" ind1=" " ind2=" ">
    <subfield code="0">0</subfield>
    <subfield code="1">0</subfield>
    <subfield code="2">ddc</subfield>
    <subfield code="3">V.11</subfield>
    <subfield code="4">0</subfield>
    <subfield code="7">0</subfield>
    <subfield code="a">RKP</subfield>
    <subfield code="b">RKP</subfield>
    <subfield code="d">2009-11-25</subfield>
    <subfield code="e">Pioneers/885/29-10-09/325/13-10-09 /06-11-09 </subfield>
    <subfield code="g">2999.00</subfield>
    <subfield code="l">1</subfield>
    <subfield code="o">DVD MAHA</subfield>
    <subfield code="p">DVD-004922</subfield>
    <subfield code="r">2012-12-26 00:00:00</subfield>
    <subfield code="s">2012-12-24</subfield>
    <subfield code="t">1</subfield>
    <subfield code="v">2999.00</subfield>
    <subfield code="w">2009-11-25</subfield>
    <subfield code="y">CF</subfield>
    <subfield code="z">V.11</subfield>
  </datafield>
  <datafield tag="952" ind1=" " ind2=" ">
    <subfield code="0">0</subfield>
    <subfield code="1">0</subfield>
    <subfield code="2">ddc</subfield>
    <subfield code="3">V.11</subfield>
    <subfield code="4">0</subfield>
    <subfield code="7">0</subfield>
    <subfield code="a">VP</subfield>
    <subfield code="b">VP</subfield>
    <subfield code="d">2009-11-25</subfield>
    <subfield code="e">Pioneers/885/29-10-09/325/13-10-09 /06-11-09 </subfield>
    <subfield code="g">2999.00</subfield>
    <subfield code="l">10</subfield>
    <subfield code="m">2</subfield>
    <subfield code="o">DVD MAHA</subfield>
    <subfield code="p">DVD-004923</subfield>
    <subfield code="r">2015-04-22 00:00:00</subfield>
    <subfield code="s">2015-04-06</subfield>
    <subfield code="t">1</subfield>
    <subfield code="v">2999.00</subfield>
    <subfield code="w">2009-11-25</subfield>
    <subfield code="y">CF</subfield>
    <subfield code="z">V.11</subfield>
  </datafield>
  <datafield tag="952" ind1=" " ind2=" ">
    <subfield code="0">0</subfield>
    <subfield code="1">0</subfield>
    <subfield code="2">ddc</subfield>
    <subfield code="3">V.11</subfield>
    <subfield code="4">0</subfield>
    <subfield code="7">0</subfield>
    <subfield code="a">BL3</subfield>
    <subfield code="b">BL3</subfield>
    <subfield code="d">2009-11-25</subfield>
    <subfield code="e">Pioneers/885/29-10-09/325/13-10-09 /06-11-09 </subfield>
    <subfield code="g">2999.00</subfield>
    <subfield code="l">10</subfield>
    <subfield code="o">DVD MAHA</subfield>
    <subfield code="p">DVD-004924</subfield>
    <subfield code="r">2014-03-18 00:00:00</subfield>
    <subfield code="s">2014-03-07</subfield>
    <subfield code="t">1</subfield>
    <subfield code="v">2999.00</subfield>
    <subfield code="w">2009-11-25</subfield>
    <subfield code="y">CF</subfield>
    <subfield code="z">V.11</subfield>
  </datafield>
  <datafield tag="952" ind1=" " ind2=" ">
    <subfield code="0">0</subfield>
    <subfield code="1">0</subfield>
    <subfield code="2">ddc</subfield>
    <subfield code="3">V.11</subfield>
    <subfield code="4">0</subfield>
    <subfield code="7">0</subfield>
    <subfield code="a">NR</subfield>
    <subfield code="b">NR</subfield>
    <subfield code="d">2009-11-25</subfield>
    <subfield code="e">Pioneers/885/29-10-09/325/13-10-09 /06-11-09 </subfield>
    <subfield code="g">2999.00</subfield>
    <subfield code="l">4</subfield>
    <subfield code="o">DVD MAHA</subfield>
    <subfield code="p">DVD-004925</subfield>
    <subfield code="r">2014-03-12 00:00:00</subfield>
    <subfield code="s">2014-02-21</subfield>
    <subfield code="t">1</subfield>
    <subfield code="v">2999.00</subfield>
    <subfield code="w">2009-11-25</subfield>
    <subfield code="y">CF</subfield>
    <subfield code="z">V.11</subfield>
  </datafield>
  <datafield tag="952" ind1=" " ind2=" ">
    <subfield code="0">0</subfield>
    <subfield code="1">0</subfield>
    <subfield code="2">ddc</subfield>
    <subfield code="3">V.11</subfield>
    <subfield code="4">0</subfield>
    <subfield code="7">0</subfield>
    <subfield code="a">BL4</subfield>
    <subfield code="b">BL4</subfield>
    <subfield code="d">2009-11-25</subfield>
    <subfield code="e">Pioneers/885/29-10-09/325/13-10-09 /06-11-09 </subfield>
    <subfield code="g">2999.00</subfield>
    <subfield code="l">0</subfield>
    <subfield code="o">DVD MAHA</subfield>
    <subfield code="p">DVD-004926</subfield>
    <subfield code="r">2009-11-25 00:00:00</subfield>
    <subfield code="t">1</subfield>
    <subfield code="v">2999.00</subfield>
    <subfield code="w">2009-11-25</subfield>
    <subfield code="y">CF</subfield>
    <subfield code="z">V.11</subfield>
  </datafield>
  <datafield tag="952" ind1=" " ind2=" ">
    <subfield code="0">0</subfield>
    <subfield code="1">0</subfield>
    <subfield code="2">ddc</subfield>
    <subfield code="3">V.12</subfield>
    <subfield code="4">0</subfield>
    <subfield code="7">0</subfield>
    <subfield code="a">JP</subfield>
    <subfield code="b">JP</subfield>
    <subfield code="d">2009-11-25</subfield>
    <subfield code="e">Pioneers/885/29-10-09/325/13-10-09 /06-11-09 </subfield>
    <subfield code="g">2999.00</subfield>
    <subfield code="l">18</subfield>
    <subfield code="o">DVD MAHA</subfield>
    <subfield code="p">DVD-004927</subfield>
    <subfield code="r">2014-01-06 00:00:00</subfield>
    <subfield code="s">2013-12-19</subfield>
    <subfield code="t">1</subfield>
    <subfield code="v">2999.00</subfield>
    <subfield code="w">2009-11-25</subfield>
    <subfield code="y">CF</subfield>
    <subfield code="z">V.12</subfield>
  </datafield>
  <datafield tag="952" ind1=" " ind2=" ">
    <subfield code="0">0</subfield>
    <subfield code="1">0</subfield>
    <subfield code="2">ddc</subfield>
    <subfield code="3">V.12</subfield>
    <subfield code="4">0</subfield>
    <subfield code="7">0</subfield>
    <subfield code="a">RKP</subfield>
    <subfield code="b">RKP</subfield>
    <subfield code="d">2009-11-25</subfield>
    <subfield code="e">Pioneers/885/29-10-09/325/13-10-09 /06-11-09 </subfield>
    <subfield code="g">2999.00</subfield>
    <subfield code="l">0</subfield>
    <subfield code="o">DVD MAHA</subfield>
    <subfield code="p">DVD-004928</subfield>
    <subfield code="r">2013-04-03 00:00:00</subfield>
    <subfield code="t">1</subfield>
    <subfield code="v">2999.00</subfield>
    <subfield code="w">2009-11-25</subfield>
    <subfield code="y">CF</subfield>
    <subfield code="z">V.12</subfield>
  </datafield>
  <datafield tag="952" ind1=" " ind2=" ">
    <subfield code="0">0</subfield>
    <subfield code="1">0</subfield>
    <subfield code="2">ddc</subfield>
    <subfield code="3">V.12</subfield>
    <subfield code="4">0</subfield>
    <subfield code="7">0</subfield>
    <subfield code="a">VP</subfield>
    <subfield code="b">VP</subfield>
    <subfield code="d">2009-11-25</subfield>
    <subfield code="e">Pioneers/885/29-10-09/325/13-10-09 /06-11-09 </subfield>
    <subfield code="g">2999.00</subfield>
    <subfield code="l">9</subfield>
    <subfield code="m">1</subfield>
    <subfield code="o">DVD MAHA</subfield>
    <subfield code="p">DVD-004929</subfield>
    <subfield code="r">2015-05-06 00:00:00</subfield>
    <subfield code="s">2015-04-22</subfield>
    <subfield code="t">1</subfield>
    <subfield code="v">2999.00</subfield>
    <subfield code="w">2009-11-25</subfield>
    <subfield code="y">CF</subfield>
    <subfield code="z">V.12</subfield>
  </datafield>
  <datafield tag="952" ind1=" " ind2=" ">
    <subfield code="0">0</subfield>
    <subfield code="1">0</subfield>
    <subfield code="2">ddc</subfield>
    <subfield code="3">V.12</subfield>
    <subfield code="4">0</subfield>
    <subfield code="7">0</subfield>
    <subfield code="a">BL3</subfield>
    <subfield code="b">BL3</subfield>
    <subfield code="d">2009-11-25</subfield>
    <subfield code="e">Pioneers/885/29-10-09/325/13-10-09 /06-11-09 </subfield>
    <subfield code="g">2999.00</subfield>
    <subfield code="l">11</subfield>
    <subfield code="o">DVD MAHA</subfield>
    <subfield code="p">DVD-004930</subfield>
    <subfield code="r">2014-03-18 00:00:00</subfield>
    <subfield code="s">2014-03-07</subfield>
    <subfield code="t">1</subfield>
    <subfield code="v">2999.00</subfield>
    <subfield code="w">2009-11-25</subfield>
    <subfield code="y">CF</subfield>
    <subfield code="z">V.12</subfield>
  </datafield>
  <datafield tag="952" ind1=" " ind2=" ">
    <subfield code="0">0</subfield>
    <subfield code="1">0</subfield>
    <subfield code="2">ddc</subfield>
    <subfield code="3">V.12</subfield>
    <subfield code="4">0</subfield>
    <subfield code="7">0</subfield>
    <subfield code="a">NR</subfield>
    <subfield code="b">NR</subfield>
    <subfield code="d">2009-11-25</subfield>
    <subfield code="e">Pioneers/885/29-10-09/325/13-10-09 /06-11-09 </subfield>
    <subfield code="g">2999.00</subfield>
    <subfield code="l">6</subfield>
    <subfield code="o">DVD MAHA</subfield>
    <subfield code="p">DVD-004931</subfield>
    <subfield code="r">2014-03-12 00:00:00</subfield>
    <subfield code="s">2014-02-21</subfield>
    <subfield code="t">1</subfield>
    <subfield code="v">2999.00</subfield>
    <subfield code="w">2009-11-25</subfield>
    <subfield code="y">CF</subfield>
    <subfield code="z">V.12</subfield>
  </datafield>
  <datafield tag="952" ind1=" " ind2=" ">
    <subfield code="0">0</subfield>
    <subfield code="1">0</subfield>
    <subfield code="2">ddc</subfield>
    <subfield code="3">V.12</subfield>
    <subfield code="4">0</subfield>
    <subfield code="7">0</subfield>
    <subfield code="a">BL4</subfield>
    <subfield code="b">BL4</subfield>
    <subfield code="d">2009-11-25</subfield>
    <subfield code="e">Pioneers/885/29-10-09/325/13-10-09 /06-11-09 </subfield>
    <subfield code="g">2999.00</subfield>
    <subfield code="l">0</subfield>
    <subfield code="o">DVD MAHA</subfield>
    <subfield code="p">DVD-004932</subfield>
    <subfield code="r">2009-11-25 00:00:00</subfield>
    <subfield code="t">1</subfield>
    <subfield code="v">2999.00</subfield>
    <subfield code="w">2009-11-25</subfield>
    <subfield code="y">CF</subfield>
    <subfield code="z">V.12</subfield>
  </datafield>
  <datafield tag="952" ind1=" " ind2=" ">
    <subfield code="0">0</subfield>
    <subfield code="1">0</subfield>
    <subfield code="2">ddc</subfield>
    <subfield code="3">V.13</subfield>
    <subfield code="4">0</subfield>
    <subfield code="7">0</subfield>
    <subfield code="a">JP</subfield>
    <subfield code="b">JP</subfield>
    <subfield code="d">2009-11-25</subfield>
    <subfield code="e">Pioneers/885/29-10-09/325/13-10-09 /06-11-09 </subfield>
    <subfield code="g">2999.00</subfield>
    <subfield code="l">19</subfield>
    <subfield code="m">1</subfield>
    <subfield code="o">DVD MAHA</subfield>
    <subfield code="p">DVD-004933</subfield>
    <subfield code="r">2015-04-11 00:00:00</subfield>
    <subfield code="s">2015-03-30</subfield>
    <subfield code="t">1</subfield>
    <subfield code="v">2999.00</subfield>
    <subfield code="w">2009-11-25</subfield>
    <subfield code="y">CF</subfield>
    <subfield code="z">V.13</subfield>
  </datafield>
  <datafield tag="952" ind1=" " ind2=" ">
    <subfield code="0">0</subfield>
    <subfield code="1">0</subfield>
    <subfield code="2">ddc</subfield>
    <subfield code="3">V.13</subfield>
    <subfield code="4">0</subfield>
    <subfield code="7">0</subfield>
    <subfield code="a">RKP</subfield>
    <subfield code="b">RKP</subfield>
    <subfield code="d">2009-11-25</subfield>
    <subfield code="e">Pioneers/885/29-10-09/325/13-10-09 /06-11-09 </subfield>
    <subfield code="g">2999.00</subfield>
    <subfield code="l">3</subfield>
    <subfield code="o">DVD MAHA</subfield>
    <subfield code="p">DVD-004934</subfield>
    <subfield code="r">2012-03-03 00:00:00</subfield>
    <subfield code="s">2012-02-11</subfield>
    <subfield code="t">1</subfield>
    <subfield code="v">2999.00</subfield>
    <subfield code="w">2009-11-25</subfield>
    <subfield code="y">CF</subfield>
    <subfield code="z">V.13</subfield>
  </datafield>
  <datafield tag="952" ind1=" " ind2=" ">
    <subfield code="0">0</subfield>
    <subfield code="1">0</subfield>
    <subfield code="2">ddc</subfield>
    <subfield code="3">V.13</subfield>
    <subfield code="4">0</subfield>
    <subfield code="7">0</subfield>
    <subfield code="a">VP</subfield>
    <subfield code="b">VP</subfield>
    <subfield code="d">2009-11-25</subfield>
    <subfield code="e">Pioneers/885/29-10-09/325/13-10-09 /06-11-09 </subfield>
    <subfield code="g">2999.00</subfield>
    <subfield code="l">8</subfield>
    <subfield code="m">1</subfield>
    <subfield code="o">DVD MAHA</subfield>
    <subfield code="p">DVD-004935</subfield>
    <subfield code="r">2013-05-22 00:00:00</subfield>
    <subfield code="s">2013-04-25</subfield>
    <subfield code="t">1</subfield>
    <subfield code="v">2999.00</subfield>
    <subfield code="w">2009-11-25</subfield>
    <subfield code="y">CF</subfield>
    <subfield code="z">V.13</subfield>
  </datafield>
  <datafield tag="952" ind1=" " ind2=" ">
    <subfield code="0">0</subfield>
    <subfield code="1">0</subfield>
    <subfield code="2">ddc</subfield>
    <subfield code="3">V.13</subfield>
    <subfield code="4">0</subfield>
    <subfield code="7">0</subfield>
    <subfield code="a">BL3</subfield>
    <subfield code="b">BL3</subfield>
    <subfield code="d">2009-11-25</subfield>
    <subfield code="e">Pioneers/885/29-10-09/325/13-10-09 /06-11-09 </subfield>
    <subfield code="g">2999.00</subfield>
    <subfield code="l">14</subfield>
    <subfield code="o">DVD MAHA</subfield>
    <subfield code="p">DVD-004936</subfield>
    <subfield code="r">2014-04-06 00:00:00</subfield>
    <subfield code="s">2014-03-18</subfield>
    <subfield code="t">1</subfield>
    <subfield code="v">2999.00</subfield>
    <subfield code="w">2009-11-25</subfield>
    <subfield code="y">CF</subfield>
    <subfield code="z">V.13</subfield>
  </datafield>
  <datafield tag="952" ind1=" " ind2=" ">
    <subfield code="0">0</subfield>
    <subfield code="1">0</subfield>
    <subfield code="2">ddc</subfield>
    <subfield code="3">V.13</subfield>
    <subfield code="4">0</subfield>
    <subfield code="7">0</subfield>
    <subfield code="a">NR</subfield>
    <subfield code="b">NR</subfield>
    <subfield code="d">2009-11-25</subfield>
    <subfield code="e">Pioneers/885/29-10-09/325/13-10-09 /06-11-09 </subfield>
    <subfield code="g">2999.00</subfield>
    <subfield code="l">0</subfield>
    <subfield code="o">DVD MAHA</subfield>
    <subfield code="p">DVD-004937</subfield>
    <subfield code="r">2009-11-25 00:00:00</subfield>
    <subfield code="t">1</subfield>
    <subfield code="v">2999.00</subfield>
    <subfield code="w">2009-11-25</subfield>
    <subfield code="y">CF</subfield>
    <subfield code="z">V.13</subfield>
  </datafield>
  <datafield tag="952" ind1=" " ind2=" ">
    <subfield code="0">0</subfield>
    <subfield code="1">0</subfield>
    <subfield code="2">ddc</subfield>
    <subfield code="3">V.13</subfield>
    <subfield code="4">0</subfield>
    <subfield code="7">0</subfield>
    <subfield code="a">BL4</subfield>
    <subfield code="b">BL4</subfield>
    <subfield code="d">2009-11-25</subfield>
    <subfield code="e">Pioneers/885/29-10-09/325/13-10-09 /06-11-09 </subfield>
    <subfield code="g">2999.00</subfield>
    <subfield code="l">0</subfield>
    <subfield code="o">DVD MAHA</subfield>
    <subfield code="p">DVD-004938</subfield>
    <subfield code="r">2009-11-25 00:00:00</subfield>
    <subfield code="t">1</subfield>
    <subfield code="v">2999.00</subfield>
    <subfield code="w">2009-11-25</subfield>
    <subfield code="y">CF</subfield>
    <subfield code="z">V.13</subfield>
  </datafield>
  <datafield tag="952" ind1=" " ind2=" ">
    <subfield code="0">0</subfield>
    <subfield code="1">0</subfield>
    <subfield code="2">ddc</subfield>
    <subfield code="3">V.14</subfield>
    <subfield code="4">0</subfield>
    <subfield code="7">0</subfield>
    <subfield code="a">JP</subfield>
    <subfield code="b">JP</subfield>
    <subfield code="d">2009-11-25</subfield>
    <subfield code="e">Pioneers/885/29-10-09/325/13-10-09 /06-11-09 </subfield>
    <subfield code="g">2999.00</subfield>
    <subfield code="l">17</subfield>
    <subfield code="m">1</subfield>
    <subfield code="o">DVD MAHA</subfield>
    <subfield code="p">DVD-004939</subfield>
    <subfield code="r">2014-01-09 00:00:00</subfield>
    <subfield code="s">2013-05-14</subfield>
    <subfield code="t">1</subfield>
    <subfield code="v">2999.00</subfield>
    <subfield code="w">2009-11-25</subfield>
    <subfield code="y">CF</subfield>
    <subfield code="z">V.14</subfield>
  </datafield>
  <datafield tag="952" ind1=" " ind2=" ">
    <subfield code="0">0</subfield>
    <subfield code="1">0</subfield>
    <subfield code="2">ddc</subfield>
    <subfield code="3">V.14</subfield>
    <subfield code="4">0</subfield>
    <subfield code="7">0</subfield>
    <subfield code="a">RKP</subfield>
    <subfield code="b">RKP</subfield>
    <subfield code="d">2009-11-25</subfield>
    <subfield code="e">Pioneers/885/29-10-09/325/13-10-09 /06-11-09 </subfield>
    <subfield code="g">2999.00</subfield>
    <subfield code="l">3</subfield>
    <subfield code="o">DVD MAHA</subfield>
    <subfield code="p">DVD-004940</subfield>
    <subfield code="r">2012-03-03 00:00:00</subfield>
    <subfield code="s">2012-02-11</subfield>
    <subfield code="t">1</subfield>
    <subfield code="v">2999.00</subfield>
    <subfield code="w">2009-11-25</subfield>
    <subfield code="y">CF</subfield>
    <subfield code="z">V.14</subfield>
  </datafield>
  <datafield tag="952" ind1=" " ind2=" ">
    <subfield code="0">0</subfield>
    <subfield code="1">0</subfield>
    <subfield code="2">ddc</subfield>
    <subfield code="3">V.14</subfield>
    <subfield code="4">0</subfield>
    <subfield code="7">0</subfield>
    <subfield code="a">VP</subfield>
    <subfield code="b">VP</subfield>
    <subfield code="d">2009-11-25</subfield>
    <subfield code="e">Pioneers/885/29-10-09/325/13-10-09 /06-11-09 </subfield>
    <subfield code="g">2999.00</subfield>
    <subfield code="l">7</subfield>
    <subfield code="m">1</subfield>
    <subfield code="o">DVD MAHA</subfield>
    <subfield code="p">DVD-004941</subfield>
    <subfield code="r">2013-05-22 00:00:00</subfield>
    <subfield code="s">2013-04-25</subfield>
    <subfield code="t">1</subfield>
    <subfield code="v">2999.00</subfield>
    <subfield code="w">2009-11-25</subfield>
    <subfield code="y">CF</subfield>
    <subfield code="z">V.14</subfield>
  </datafield>
  <datafield tag="952" ind1=" " ind2=" ">
    <subfield code="0">0</subfield>
    <subfield code="1">0</subfield>
    <subfield code="2">ddc</subfield>
    <subfield code="3">V.14</subfield>
    <subfield code="4">0</subfield>
    <subfield code="7">0</subfield>
    <subfield code="a">BL3</subfield>
    <subfield code="b">BL3</subfield>
    <subfield code="d">2009-11-25</subfield>
    <subfield code="e">Pioneers/885/29-10-09/325/13-10-09 /06-11-09 </subfield>
    <subfield code="g">2999.00</subfield>
    <subfield code="l">10</subfield>
    <subfield code="o">DVD MAHA</subfield>
    <subfield code="p">DVD-004942</subfield>
    <subfield code="r">2014-04-06 00:00:00</subfield>
    <subfield code="s">2014-03-18</subfield>
    <subfield code="t">1</subfield>
    <subfield code="v">2999.00</subfield>
    <subfield code="w">2009-11-25</subfield>
    <subfield code="y">CF</subfield>
    <subfield code="z">V.14</subfield>
  </datafield>
  <datafield tag="952" ind1=" " ind2=" ">
    <subfield code="0">0</subfield>
    <subfield code="1">0</subfield>
    <subfield code="2">ddc</subfield>
    <subfield code="3">V.14</subfield>
    <subfield code="4">0</subfield>
    <subfield code="7">0</subfield>
    <subfield code="a">NR</subfield>
    <subfield code="b">NR</subfield>
    <subfield code="d">2009-11-25</subfield>
    <subfield code="e">Pioneers/885/29-10-09/325/13-10-09 /06-11-09 </subfield>
    <subfield code="g">2999.00</subfield>
    <subfield code="l">0</subfield>
    <subfield code="o">DVD MAHA</subfield>
    <subfield code="p">DVD-004943</subfield>
    <subfield code="r">2009-11-25 00:00:00</subfield>
    <subfield code="t">1</subfield>
    <subfield code="v">2999.00</subfield>
    <subfield code="w">2009-11-25</subfield>
    <subfield code="y">CF</subfield>
    <subfield code="z">V.14</subfield>
  </datafield>
  <datafield tag="952" ind1=" " ind2=" ">
    <subfield code="0">0</subfield>
    <subfield code="1">0</subfield>
    <subfield code="2">ddc</subfield>
    <subfield code="3">V.14</subfield>
    <subfield code="4">0</subfield>
    <subfield code="7">0</subfield>
    <subfield code="a">BL4</subfield>
    <subfield code="b">BL4</subfield>
    <subfield code="d">2009-11-25</subfield>
    <subfield code="e">Pioneers/885/29-10-09/325/13-10-09 /06-11-09 </subfield>
    <subfield code="g">2999.00</subfield>
    <subfield code="l">0</subfield>
    <subfield code="o">DVD MAHA</subfield>
    <subfield code="p">DVD-004944</subfield>
    <subfield code="r">2009-11-25 00:00:00</subfield>
    <subfield code="t">1</subfield>
    <subfield code="v">2999.00</subfield>
    <subfield code="w">2009-11-25</subfield>
    <subfield code="y">CF</subfield>
    <subfield code="z">V.14</subfield>
  </datafield>
  <datafield tag="952" ind1=" " ind2=" ">
    <subfield code="0">0</subfield>
    <subfield code="1">0</subfield>
    <subfield code="2">ddc</subfield>
    <subfield code="3">V.15</subfield>
    <subfield code="4">0</subfield>
    <subfield code="7">0</subfield>
    <subfield code="a">JP</subfield>
    <subfield code="b">JP</subfield>
    <subfield code="d">2009-11-25</subfield>
    <subfield code="e">Pioneers/885/29-10-09/325/13-10-09 /06-11-09 </subfield>
    <subfield code="g">2999.00</subfield>
    <subfield code="l">18</subfield>
    <subfield code="o">DVD MAHA</subfield>
    <subfield code="p">DVD-004945</subfield>
    <subfield code="r">2014-01-25 00:00:00</subfield>
    <subfield code="s">2014-01-10</subfield>
    <subfield code="t">1</subfield>
    <subfield code="v">2999.00</subfield>
    <subfield code="w">2009-11-25</subfield>
    <subfield code="y">CF</subfield>
    <subfield code="z">V.15</subfield>
  </datafield>
  <datafield tag="952" ind1=" " ind2=" ">
    <subfield code="0">0</subfield>
    <subfield code="1">0</subfield>
    <subfield code="2">ddc</subfield>
    <subfield code="3">V.15</subfield>
    <subfield code="4">0</subfield>
    <subfield code="7">0</subfield>
    <subfield code="a">RKP</subfield>
    <subfield code="b">RKP</subfield>
    <subfield code="d">2009-11-25</subfield>
    <subfield code="e">Pioneers/885/29-10-09/325/13-10-09 /06-11-09 </subfield>
    <subfield code="g">2999.00</subfield>
    <subfield code="l">0</subfield>
    <subfield code="o">DVD MAHA</subfield>
    <subfield code="p">DVD-004946</subfield>
    <subfield code="r">2009-11-25 00:00:00</subfield>
    <subfield code="t">1</subfield>
    <subfield code="v">2999.00</subfield>
    <subfield code="w">2009-11-25</subfield>
    <subfield code="y">CF</subfield>
    <subfield code="z">V.15</subfield>
  </datafield>
  <datafield tag="952" ind1=" " ind2=" ">
    <subfield code="0">0</subfield>
    <subfield code="1">0</subfield>
    <subfield code="2">ddc</subfield>
    <subfield code="3">V.10</subfield>
    <subfield code="4">0</subfield>
    <subfield code="7">0</subfield>
    <subfield code="a">JP</subfield>
    <subfield code="b">JP</subfield>
    <subfield code="d">2009-11-25</subfield>
    <subfield code="e">Pioneers/885/29-10-09/325/13-10-09 /06-11-09 </subfield>
    <subfield code="g">2999.00</subfield>
    <subfield code="l">14</subfield>
    <subfield code="o">DVD MAHA</subfield>
    <subfield code="p">DVD-004915</subfield>
    <subfield code="r">2013-12-19 00:00:00</subfield>
    <subfield code="s">2013-11-28</subfield>
    <subfield code="t">1</subfield>
    <subfield code="v">2999.00</subfield>
    <subfield code="w">2009-11-25</subfield>
    <subfield code="y">CF</subfield>
    <subfield code="z">V.10</subfield>
  </datafield>
  <datafield tag="952" ind1=" " ind2=" ">
    <subfield code="0">0</subfield>
    <subfield code="1">0</subfield>
    <subfield code="2">ddc</subfield>
    <subfield code="3">V.15</subfield>
    <subfield code="4">0</subfield>
    <subfield code="7">0</subfield>
    <subfield code="a">VP</subfield>
    <subfield code="b">VP</subfield>
    <subfield code="d">2009-11-25</subfield>
    <subfield code="e">Pioneers/885/29-10-09/325/13-10-09 /06-11-09 </subfield>
    <subfield code="g">2999.00</subfield>
    <subfield code="l">7</subfield>
    <subfield code="m">2</subfield>
    <subfield code="o">DVD MAHA</subfield>
    <subfield code="p">DVD-004947</subfield>
    <subfield code="r">2013-06-14 00:00:00</subfield>
    <subfield code="s">2013-05-22</subfield>
    <subfield code="t">1</subfield>
    <subfield code="v">2999.00</subfield>
    <subfield code="w">2009-11-25</subfield>
    <subfield code="y">CF</subfield>
    <subfield code="z">V.15</subfield>
  </datafield>
  <datafield tag="952" ind1=" " ind2=" ">
    <subfield code="0">0</subfield>
    <subfield code="1">0</subfield>
    <subfield code="2">ddc</subfield>
    <subfield code="3">V.15</subfield>
    <subfield code="4">0</subfield>
    <subfield code="7">0</subfield>
    <subfield code="a">BL3</subfield>
    <subfield code="b">BL3</subfield>
    <subfield code="d">2009-11-25</subfield>
    <subfield code="e">Pioneers/885/29-10-09/325/13-10-09 /06-11-09 </subfield>
    <subfield code="g">2999.00</subfield>
    <subfield code="l">12</subfield>
    <subfield code="o">DVD MAHA</subfield>
    <subfield code="p">DVD-004948</subfield>
    <subfield code="r">2014-04-17 00:00:00</subfield>
    <subfield code="s">2014-04-06</subfield>
    <subfield code="t">1</subfield>
    <subfield code="v">2999.00</subfield>
    <subfield code="w">2009-11-25</subfield>
    <subfield code="y">CF</subfield>
    <subfield code="z">V.15</subfield>
  </datafield>
  <datafield tag="952" ind1=" " ind2=" ">
    <subfield code="0">0</subfield>
    <subfield code="1">0</subfield>
    <subfield code="2">ddc</subfield>
    <subfield code="3">V.15</subfield>
    <subfield code="4">0</subfield>
    <subfield code="7">0</subfield>
    <subfield code="a">NR</subfield>
    <subfield code="b">NR</subfield>
    <subfield code="d">2009-11-25</subfield>
    <subfield code="e">Pioneers/885/29-10-09/325/13-10-09 /06-11-09 </subfield>
    <subfield code="g">2999.00</subfield>
    <subfield code="l">0</subfield>
    <subfield code="o">DVD MAHA</subfield>
    <subfield code="p">DVD-004949</subfield>
    <subfield code="r">2009-11-25 00:00:00</subfield>
    <subfield code="t">1</subfield>
    <subfield code="v">2999.00</subfield>
    <subfield code="w">2009-11-25</subfield>
    <subfield code="y">CF</subfield>
    <subfield code="z">V.15</subfield>
  </datafield>
  <datafield tag="952" ind1=" " ind2=" ">
    <subfield code="0">0</subfield>
    <subfield code="1">0</subfield>
    <subfield code="2">ddc</subfield>
    <subfield code="3">V.15</subfield>
    <subfield code="4">0</subfield>
    <subfield code="7">0</subfield>
    <subfield code="a">BL4</subfield>
    <subfield code="b">BL4</subfield>
    <subfield code="d">2009-11-25</subfield>
    <subfield code="e">Pioneers/885/29-10-09/325/13-10-09 /06-11-09 </subfield>
    <subfield code="g">2999.00</subfield>
    <subfield code="l">0</subfield>
    <subfield code="o">DVD MAHA</subfield>
    <subfield code="p">DVD-004950</subfield>
    <subfield code="r">2009-11-25 00:00:00</subfield>
    <subfield code="t">1</subfield>
    <subfield code="v">2999.00</subfield>
    <subfield code="w">2009-11-25</subfield>
    <subfield code="y">CF</subfield>
    <subfield code="z">V.15</subfield>
  </datafield>
  <datafield tag="952" ind1=" " ind2=" ">
    <subfield code="0">0</subfield>
    <subfield code="1">0</subfield>
    <subfield code="2">ddc</subfield>
    <subfield code="3">V.16</subfield>
    <subfield code="4">0</subfield>
    <subfield code="7">0</subfield>
    <subfield code="a">JP</subfield>
    <subfield code="b">JP</subfield>
    <subfield code="d">2009-11-25</subfield>
    <subfield code="e">Pioneers/885/29-10-09/325/13-10-09 /06-11-09 </subfield>
    <subfield code="g">2999.00</subfield>
    <subfield code="l">15</subfield>
    <subfield code="m">1</subfield>
    <subfield code="o">DVD MAHA</subfield>
    <subfield code="p">DVD-004951</subfield>
    <subfield code="r">2013-05-06 00:00:00</subfield>
    <subfield code="s">2013-04-29</subfield>
    <subfield code="t">1</subfield>
    <subfield code="v">2999.00</subfield>
    <subfield code="w">2009-11-25</subfield>
    <subfield code="y">CF</subfield>
    <subfield code="z">V.16</subfield>
  </datafield>
  <datafield tag="952" ind1=" " ind2=" ">
    <subfield code="0">0</subfield>
    <subfield code="1">0</subfield>
    <subfield code="2">ddc</subfield>
    <subfield code="3">V.16</subfield>
    <subfield code="4">0</subfield>
    <subfield code="7">0</subfield>
    <subfield code="a">RKP</subfield>
    <subfield code="b">RKP</subfield>
    <subfield code="d">2009-11-25</subfield>
    <subfield code="e">Pioneers/885/29-10-09/325/13-10-09 /06-11-09 </subfield>
    <subfield code="g">2999.00</subfield>
    <subfield code="l">2</subfield>
    <subfield code="o">DVD MAHA</subfield>
    <subfield code="p">DVD-004952</subfield>
    <subfield code="r">2012-03-09 00:00:00</subfield>
    <subfield code="s">2012-03-03</subfield>
    <subfield code="t">1</subfield>
    <subfield code="v">2999.00</subfield>
    <subfield code="w">2009-11-25</subfield>
    <subfield code="y">CF</subfield>
    <subfield code="z">V.16</subfield>
  </datafield>
  <datafield tag="952" ind1=" " ind2=" ">
    <subfield code="0">0</subfield>
    <subfield code="1">0</subfield>
    <subfield code="2">ddc</subfield>
    <subfield code="3">V.16</subfield>
    <subfield code="4">0</subfield>
    <subfield code="7">0</subfield>
    <subfield code="a">VP</subfield>
    <subfield code="b">VP</subfield>
    <subfield code="d">2009-11-25</subfield>
    <subfield code="e">Pioneers/885/29-10-09/325/13-10-09 /06-11-09 </subfield>
    <subfield code="g">2999.00</subfield>
    <subfield code="l">7</subfield>
    <subfield code="m">1</subfield>
    <subfield code="o">DVD MAHA</subfield>
    <subfield code="p">DVD-004953</subfield>
    <subfield code="r">2013-06-14 00:00:00</subfield>
    <subfield code="s">2013-05-22</subfield>
    <subfield code="t">1</subfield>
    <subfield code="v">2999.00</subfield>
    <subfield code="w">2009-11-25</subfield>
    <subfield code="y">CF</subfield>
    <subfield code="z">V.16</subfield>
  </datafield>
  <datafield tag="952" ind1=" " ind2=" ">
    <subfield code="0">0</subfield>
    <subfield code="1">0</subfield>
    <subfield code="2">ddc</subfield>
    <subfield code="3">V.16</subfield>
    <subfield code="4">0</subfield>
    <subfield code="7">0</subfield>
    <subfield code="a">BL3</subfield>
    <subfield code="b">BL3</subfield>
    <subfield code="d">2009-11-25</subfield>
    <subfield code="e">Pioneers/885/29-10-09/325/13-10-09 /06-11-09 </subfield>
    <subfield code="g">2999.00</subfield>
    <subfield code="l">13</subfield>
    <subfield code="o">DVD MAHA</subfield>
    <subfield code="p">DVD-004954</subfield>
    <subfield code="r">2014-04-17 00:00:00</subfield>
    <subfield code="s">2014-04-06</subfield>
    <subfield code="t">1</subfield>
    <subfield code="v">2999.00</subfield>
    <subfield code="w">2009-11-25</subfield>
    <subfield code="y">CF</subfield>
    <subfield code="z">V.16</subfield>
  </datafield>
  <datafield tag="952" ind1=" " ind2=" ">
    <subfield code="0">0</subfield>
    <subfield code="1">0</subfield>
    <subfield code="2">ddc</subfield>
    <subfield code="3">V.16</subfield>
    <subfield code="4">0</subfield>
    <subfield code="7">0</subfield>
    <subfield code="a">NR</subfield>
    <subfield code="b">NR</subfield>
    <subfield code="d">2009-11-25</subfield>
    <subfield code="e">Pioneers/885/29-10-09/325/13-10-09 /06-11-09 </subfield>
    <subfield code="g">2999.00</subfield>
    <subfield code="l">0</subfield>
    <subfield code="o">DVD MAHA</subfield>
    <subfield code="p">DVD-004955</subfield>
    <subfield code="r">2009-11-25 00:00:00</subfield>
    <subfield code="t">1</subfield>
    <subfield code="v">2999.00</subfield>
    <subfield code="w">2009-11-25</subfield>
    <subfield code="y">CF</subfield>
    <subfield code="z">V.16</subfield>
  </datafield>
  <datafield tag="952" ind1=" " ind2=" ">
    <subfield code="0">0</subfield>
    <subfield code="1">0</subfield>
    <subfield code="2">ddc</subfield>
    <subfield code="3">V.16</subfield>
    <subfield code="4">0</subfield>
    <subfield code="7">0</subfield>
    <subfield code="a">BL4</subfield>
    <subfield code="b">BL4</subfield>
    <subfield code="d">2009-11-25</subfield>
    <subfield code="e">Pioneers/885/29-10-09/325/13-10-09 /06-11-09 </subfield>
    <subfield code="g">2999.00</subfield>
    <subfield code="l">0</subfield>
    <subfield code="o">DVD MAHA</subfield>
    <subfield code="p">DVD-004956</subfield>
    <subfield code="r">2009-11-25 00:00:00</subfield>
    <subfield code="t">1</subfield>
    <subfield code="v">2999.00</subfield>
    <subfield code="w">2009-11-25</subfield>
    <subfield code="y">CF</subfield>
    <subfield code="z">V.16</subfield>
  </datafield>
  <datafield tag="952" ind1=" " ind2=" ">
    <subfield code="0">0</subfield>
    <subfield code="1">0</subfield>
    <subfield code="2">ddc</subfield>
    <subfield code="3">V.17</subfield>
    <subfield code="4">0</subfield>
    <subfield code="7">0</subfield>
    <subfield code="a">JP</subfield>
    <subfield code="b">JP</subfield>
    <subfield code="d">2009-11-25</subfield>
    <subfield code="e">Pioneers/885/29-10-09/325/13-10-09 /06-11-09 </subfield>
    <subfield code="g">2999.00</subfield>
    <subfield code="l">16</subfield>
    <subfield code="o">DVD MAHA</subfield>
    <subfield code="p">DVD-004957</subfield>
    <subfield code="r">2014-01-10 00:00:00</subfield>
    <subfield code="s">2014-01-09</subfield>
    <subfield code="t">1</subfield>
    <subfield code="v">2999.00</subfield>
    <subfield code="w">2009-11-25</subfield>
    <subfield code="y">CF</subfield>
    <subfield code="z">V.17</subfield>
  </datafield>
  <datafield tag="952" ind1=" " ind2=" ">
    <subfield code="0">0</subfield>
    <subfield code="1">0</subfield>
    <subfield code="2">ddc</subfield>
    <subfield code="3">V.17</subfield>
    <subfield code="4">0</subfield>
    <subfield code="7">0</subfield>
    <subfield code="a">RKP</subfield>
    <subfield code="b">RKP</subfield>
    <subfield code="d">2009-11-25</subfield>
    <subfield code="e">Pioneers/885/29-10-09/325/13-10-09 /06-11-09 </subfield>
    <subfield code="g">2999.00</subfield>
    <subfield code="l">2</subfield>
    <subfield code="o">DVD MAHA</subfield>
    <subfield code="p">DVD-004958</subfield>
    <subfield code="r">2012-03-09 00:00:00</subfield>
    <subfield code="s">2012-03-03</subfield>
    <subfield code="t">1</subfield>
    <subfield code="v">2999.00</subfield>
    <subfield code="w">2009-11-25</subfield>
    <subfield code="y">CF</subfield>
    <subfield code="z">V.17</subfield>
  </datafield>
  <datafield tag="952" ind1=" " ind2=" ">
    <subfield code="0">0</subfield>
    <subfield code="1">0</subfield>
    <subfield code="2">ddc</subfield>
    <subfield code="3">V.17</subfield>
    <subfield code="4">0</subfield>
    <subfield code="7">0</subfield>
    <subfield code="a">VP</subfield>
    <subfield code="b">VP</subfield>
    <subfield code="d">2009-11-25</subfield>
    <subfield code="e">Pioneers/885/29-10-09/325/13-10-09 /06-11-09 </subfield>
    <subfield code="g">2999.00</subfield>
    <subfield code="l">7</subfield>
    <subfield code="o">DVD MAHA</subfield>
    <subfield code="p">DVD-004959</subfield>
    <subfield code="r">2013-06-28 00:00:00</subfield>
    <subfield code="s">2013-06-14</subfield>
    <subfield code="t">1</subfield>
    <subfield code="v">2999.00</subfield>
    <subfield code="w">2009-11-25</subfield>
    <subfield code="y">CF</subfield>
    <subfield code="z">V.17</subfield>
  </datafield>
  <datafield tag="952" ind1=" " ind2=" ">
    <subfield code="0">0</subfield>
    <subfield code="1">0</subfield>
    <subfield code="2">ddc</subfield>
    <subfield code="3">V.17</subfield>
    <subfield code="4">0</subfield>
    <subfield code="7">0</subfield>
    <subfield code="a">BL3</subfield>
    <subfield code="b">BL3</subfield>
    <subfield code="d">2009-11-25</subfield>
    <subfield code="e">Pioneers/885/29-10-09/325/13-10-09 /06-11-09 </subfield>
    <subfield code="g">2999.00</subfield>
    <subfield code="l">13</subfield>
    <subfield code="o">DVD MAHA</subfield>
    <subfield code="p">DVD-004960</subfield>
    <subfield code="r">2014-04-26 00:00:00</subfield>
    <subfield code="s">2014-04-17</subfield>
    <subfield code="t">1</subfield>
    <subfield code="v">2999.00</subfield>
    <subfield code="w">2009-11-25</subfield>
    <subfield code="y">CF</subfield>
    <subfield code="z">V.17</subfield>
  </datafield>
  <datafield tag="952" ind1=" " ind2=" ">
    <subfield code="0">0</subfield>
    <subfield code="1">0</subfield>
    <subfield code="2">ddc</subfield>
    <subfield code="3">V.17</subfield>
    <subfield code="4">0</subfield>
    <subfield code="7">0</subfield>
    <subfield code="a">NR</subfield>
    <subfield code="b">NR</subfield>
    <subfield code="d">2009-11-25</subfield>
    <subfield code="e">Pioneers/885/29-10-09/325/13-10-09 /06-11-09 </subfield>
    <subfield code="g">2999.00</subfield>
    <subfield code="l">0</subfield>
    <subfield code="o">DVD MAHA</subfield>
    <subfield code="p">DVD-004961</subfield>
    <subfield code="r">2009-11-25 00:00:00</subfield>
    <subfield code="t">1</subfield>
    <subfield code="v">2999.00</subfield>
    <subfield code="w">2009-11-25</subfield>
    <subfield code="y">CF</subfield>
    <subfield code="z">V.17</subfield>
  </datafield>
  <datafield tag="952" ind1=" " ind2=" ">
    <subfield code="0">0</subfield>
    <subfield code="1">0</subfield>
    <subfield code="2">ddc</subfield>
    <subfield code="3">V.17</subfield>
    <subfield code="4">0</subfield>
    <subfield code="7">0</subfield>
    <subfield code="a">BL4</subfield>
    <subfield code="b">BL4</subfield>
    <subfield code="d">2009-11-25</subfield>
    <subfield code="e">Pioneers/885/29-10-09/325/13-10-09 /06-11-09 </subfield>
    <subfield code="g">2999.00</subfield>
    <subfield code="l">0</subfield>
    <subfield code="o">DVD MAHA</subfield>
    <subfield code="p">DVD-004962</subfield>
    <subfield code="r">2009-11-25 00:00:00</subfield>
    <subfield code="t">1</subfield>
    <subfield code="v">2999.00</subfield>
    <subfield code="w">2009-11-25</subfield>
    <subfield code="y">CF</subfield>
    <subfield code="z">V.17</subfield>
  </datafield>
  <datafield tag="952" ind1=" " ind2=" ">
    <subfield code="0">0</subfield>
    <subfield code="1">0</subfield>
    <subfield code="2">ddc</subfield>
    <subfield code="3">V.18</subfield>
    <subfield code="4">0</subfield>
    <subfield code="7">0</subfield>
    <subfield code="a">JP</subfield>
    <subfield code="b">JP</subfield>
    <subfield code="d">2009-11-25</subfield>
    <subfield code="e">Pioneers/885/29-10-09/325/13-10-09 /06-11-09 </subfield>
    <subfield code="g">2999.00</subfield>
    <subfield code="l">18</subfield>
    <subfield code="m">2</subfield>
    <subfield code="o">DVD MAHA</subfield>
    <subfield code="p">DVD-004963</subfield>
    <subfield code="r">2014-02-18 00:00:00</subfield>
    <subfield code="s">2014-02-05</subfield>
    <subfield code="t">1</subfield>
    <subfield code="v">2999.00</subfield>
    <subfield code="w">2009-11-25</subfield>
    <subfield code="y">CF</subfield>
    <subfield code="z">V.18</subfield>
  </datafield>
  <datafield tag="952" ind1=" " ind2=" ">
    <subfield code="0">0</subfield>
    <subfield code="1">0</subfield>
    <subfield code="2">ddc</subfield>
    <subfield code="3">V.18</subfield>
    <subfield code="4">0</subfield>
    <subfield code="7">0</subfield>
    <subfield code="a">RKP</subfield>
    <subfield code="b">RKP</subfield>
    <subfield code="d">2009-11-25</subfield>
    <subfield code="e">Pioneers/885/29-10-09/325/13-10-09 /06-11-09 </subfield>
    <subfield code="g">2999.00</subfield>
    <subfield code="l">3</subfield>
    <subfield code="o">DVD MAHA</subfield>
    <subfield code="p">DVD-004964</subfield>
    <subfield code="r">2014-02-24 00:00:00</subfield>
    <subfield code="s">2014-02-22</subfield>
    <subfield code="t">1</subfield>
    <subfield code="v">2999.00</subfield>
    <subfield code="w">2009-11-25</subfield>
    <subfield code="y">CF</subfield>
    <subfield code="z">V.18</subfield>
  </datafield>
  <datafield tag="952" ind1=" " ind2=" ">
    <subfield code="0">0</subfield>
    <subfield code="1">0</subfield>
    <subfield code="2">ddc</subfield>
    <subfield code="3">V.18</subfield>
    <subfield code="4">0</subfield>
    <subfield code="7">0</subfield>
    <subfield code="a">VP</subfield>
    <subfield code="b">VP</subfield>
    <subfield code="d">2009-11-25</subfield>
    <subfield code="e">Pioneers/885/29-10-09/325/13-10-09 /06-11-09 </subfield>
    <subfield code="g">2999.00</subfield>
    <subfield code="l">6</subfield>
    <subfield code="o">DVD MAHA</subfield>
    <subfield code="p">DVD-004965</subfield>
    <subfield code="r">2013-06-28 00:00:00</subfield>
    <subfield code="s">2013-06-14</subfield>
    <subfield code="t">1</subfield>
    <subfield code="v">2999.00</subfield>
    <subfield code="w">2009-11-25</subfield>
    <subfield code="y">CF</subfield>
    <subfield code="z">V.18</subfield>
  </datafield>
  <datafield tag="952" ind1=" " ind2=" ">
    <subfield code="0">0</subfield>
    <subfield code="1">0</subfield>
    <subfield code="2">ddc</subfield>
    <subfield code="3">V.18</subfield>
    <subfield code="4">0</subfield>
    <subfield code="7">0</subfield>
    <subfield code="a">BL3</subfield>
    <subfield code="b">BL3</subfield>
    <subfield code="d">2009-11-25</subfield>
    <subfield code="e">Pioneers/885/29-10-09/325/13-10-09 /06-11-09 </subfield>
    <subfield code="g">2999.00</subfield>
    <subfield code="l">12</subfield>
    <subfield code="o">DVD MAHA</subfield>
    <subfield code="p">DVD-004966</subfield>
    <subfield code="r">2014-04-26 00:00:00</subfield>
    <subfield code="s">2014-04-17</subfield>
    <subfield code="t">1</subfield>
    <subfield code="v">2999.00</subfield>
    <subfield code="w">2009-11-25</subfield>
    <subfield code="y">CF</subfield>
    <subfield code="z">V.18</subfield>
  </datafield>
  <datafield tag="952" ind1=" " ind2=" ">
    <subfield code="0">0</subfield>
    <subfield code="1">0</subfield>
    <subfield code="2">ddc</subfield>
    <subfield code="3">V.18</subfield>
    <subfield code="4">0</subfield>
    <subfield code="7">0</subfield>
    <subfield code="a">NR</subfield>
    <subfield code="b">NR</subfield>
    <subfield code="d">2009-11-25</subfield>
    <subfield code="e">Pioneers/885/29-10-09/325/13-10-09 /06-11-09 </subfield>
    <subfield code="g">2999.00</subfield>
    <subfield code="l">0</subfield>
    <subfield code="o">DVD MAHA</subfield>
    <subfield code="p">DVD-004967</subfield>
    <subfield code="r">2009-11-25 00:00:00</subfield>
    <subfield code="t">1</subfield>
    <subfield code="v">2999.00</subfield>
    <subfield code="w">2009-11-25</subfield>
    <subfield code="y">CF</subfield>
    <subfield code="z">V.18</subfield>
  </datafield>
  <datafield tag="952" ind1=" " ind2=" ">
    <subfield code="0">0</subfield>
    <subfield code="1">0</subfield>
    <subfield code="2">ddc</subfield>
    <subfield code="3">V.18</subfield>
    <subfield code="4">0</subfield>
    <subfield code="7">0</subfield>
    <subfield code="a">BL4</subfield>
    <subfield code="b">BL4</subfield>
    <subfield code="d">2009-11-25</subfield>
    <subfield code="e">Pioneers/885/29-10-09/325/13-10-09 /06-11-09 </subfield>
    <subfield code="g">2999.00</subfield>
    <subfield code="l">0</subfield>
    <subfield code="o">DVD MAHA</subfield>
    <subfield code="p">DVD-004968</subfield>
    <subfield code="r">2009-11-25 00:00:00</subfield>
    <subfield code="t">1</subfield>
    <subfield code="v">2999.00</subfield>
    <subfield code="w">2009-11-25</subfield>
    <subfield code="y">CF</subfield>
    <subfield code="z">V.18</subfield>
  </datafield>
  <datafield tag="952" ind1=" " ind2=" ">
    <subfield code="0">0</subfield>
    <subfield code="1">0</subfield>
    <subfield code="2">ddc</subfield>
    <subfield code="3">V.19</subfield>
    <subfield code="4">0</subfield>
    <subfield code="7">0</subfield>
    <subfield code="a">JP</subfield>
    <subfield code="b">JP</subfield>
    <subfield code="d">2009-11-25</subfield>
    <subfield code="e">Pioneers/885/29-10-09/325/13-10-09 /06-11-09 </subfield>
    <subfield code="g">2999.00</subfield>
    <subfield code="l">16</subfield>
    <subfield code="m">1</subfield>
    <subfield code="o">DVD MAHA</subfield>
    <subfield code="p">DVD-004969</subfield>
    <subfield code="r">2014-01-25 00:00:00</subfield>
    <subfield code="s">2014-01-10</subfield>
    <subfield code="t">1</subfield>
    <subfield code="v">2999.00</subfield>
    <subfield code="w">2009-11-25</subfield>
    <subfield code="y">CF</subfield>
    <subfield code="z">V.19</subfield>
  </datafield>
  <datafield tag="952" ind1=" " ind2=" ">
    <subfield code="0">0</subfield>
    <subfield code="1">0</subfield>
    <subfield code="2">ddc</subfield>
    <subfield code="3">V.19</subfield>
    <subfield code="4">0</subfield>
    <subfield code="7">0</subfield>
    <subfield code="a">RKP</subfield>
    <subfield code="b">RKP</subfield>
    <subfield code="d">2009-11-25</subfield>
    <subfield code="e">Pioneers/885/29-10-09/325/13-10-09 /06-11-09 </subfield>
    <subfield code="g">2999.00</subfield>
    <subfield code="l">2</subfield>
    <subfield code="o">DVD MAHA</subfield>
    <subfield code="p">DVD-004970</subfield>
    <subfield code="r">2014-02-24 00:00:00</subfield>
    <subfield code="s">2014-02-22</subfield>
    <subfield code="t">1</subfield>
    <subfield code="v">2999.00</subfield>
    <subfield code="w">2009-11-25</subfield>
    <subfield code="y">CF</subfield>
    <subfield code="z">V.19</subfield>
  </datafield>
  <datafield tag="952" ind1=" " ind2=" ">
    <subfield code="0">0</subfield>
    <subfield code="1">0</subfield>
    <subfield code="2">ddc</subfield>
    <subfield code="3">V.19</subfield>
    <subfield code="4">0</subfield>
    <subfield code="7">0</subfield>
    <subfield code="a">VP</subfield>
    <subfield code="b">VP</subfield>
    <subfield code="d">2009-11-25</subfield>
    <subfield code="e">Pioneers/885/29-10-09/325/13-10-09 /06-11-09 </subfield>
    <subfield code="g">2999.00</subfield>
    <subfield code="l">9</subfield>
    <subfield code="o">DVD MAHA</subfield>
    <subfield code="p">DVD-004971</subfield>
    <subfield code="r">2013-07-08 00:00:00</subfield>
    <subfield code="s">2013-06-28</subfield>
    <subfield code="t">1</subfield>
    <subfield code="v">2999.00</subfield>
    <subfield code="w">2009-11-25</subfield>
    <subfield code="y">CF</subfield>
    <subfield code="z">V.19</subfield>
  </datafield>
  <datafield tag="952" ind1=" " ind2=" ">
    <subfield code="0">0</subfield>
    <subfield code="1">0</subfield>
    <subfield code="2">ddc</subfield>
    <subfield code="3">V.19</subfield>
    <subfield code="4">0</subfield>
    <subfield code="7">0</subfield>
    <subfield code="a">BL3</subfield>
    <subfield code="b">BL3</subfield>
    <subfield code="d">2009-11-25</subfield>
    <subfield code="e">Pioneers/885/29-10-09/325/13-10-09 /06-11-09 </subfield>
    <subfield code="g">2999.00</subfield>
    <subfield code="l">12</subfield>
    <subfield code="o">DVD MAHA</subfield>
    <subfield code="p">DVD-004972</subfield>
    <subfield code="r">2014-05-07 00:00:00</subfield>
    <subfield code="s">2014-04-26</subfield>
    <subfield code="t">1</subfield>
    <subfield code="v">2999.00</subfield>
    <subfield code="w">2009-11-25</subfield>
    <subfield code="y">CF</subfield>
    <subfield code="z">V.19</subfield>
  </datafield>
  <datafield tag="952" ind1=" " ind2=" ">
    <subfield code="0">0</subfield>
    <subfield code="1">0</subfield>
    <subfield code="2">ddc</subfield>
    <subfield code="3">V.19</subfield>
    <subfield code="4">0</subfield>
    <subfield code="7">0</subfield>
    <subfield code="a">NR</subfield>
    <subfield code="b">NR</subfield>
    <subfield code="d">2009-11-25</subfield>
    <subfield code="e">Pioneers/885/29-10-09/325/13-10-09 /06-11-09 </subfield>
    <subfield code="g">2999.00</subfield>
    <subfield code="l">0</subfield>
    <subfield code="o">DVD MAHA</subfield>
    <subfield code="p">DVD-004973</subfield>
    <subfield code="r">2009-11-25 00:00:00</subfield>
    <subfield code="t">1</subfield>
    <subfield code="v">2999.00</subfield>
    <subfield code="w">2009-11-25</subfield>
    <subfield code="y">CF</subfield>
    <subfield code="z">V.19</subfield>
  </datafield>
  <datafield tag="952" ind1=" " ind2=" ">
    <subfield code="0">0</subfield>
    <subfield code="1">0</subfield>
    <subfield code="2">ddc</subfield>
    <subfield code="3">V.19</subfield>
    <subfield code="4">0</subfield>
    <subfield code="7">0</subfield>
    <subfield code="a">BL4</subfield>
    <subfield code="b">BL4</subfield>
    <subfield code="d">2009-11-25</subfield>
    <subfield code="e">Pioneers/885/29-10-09/325/13-10-09 /06-11-09 </subfield>
    <subfield code="g">2999.00</subfield>
    <subfield code="l">0</subfield>
    <subfield code="o">DVD MAHA</subfield>
    <subfield code="p">DVD-004974</subfield>
    <subfield code="r">2009-11-25 00:00:00</subfield>
    <subfield code="t">1</subfield>
    <subfield code="v">2999.00</subfield>
    <subfield code="w">2009-11-25</subfield>
    <subfield code="y">CF</subfield>
    <subfield code="z">V.19</subfield>
  </datafield>
</record>
